Szczegóły MARC21

Zeszyty Naukowe Uniwersytetu Jagiellońskiego. Prace Historycznoliterackie.

001 -Numer kontrolny rekordu [,]
    • @
    • pole kontrolne
    • cc95204290
005 -Data i czas ostatniej zmiany [,]
    • @
    • Data ostatniej zmiany
    • 20241231090823.0
022 -Międzynarodowy Znormalizowany Numer Wydawnictwa Ciągłego - ISSN [ , ]
    • a
    • International Standard Serial Number
    • 0083-436X
035 -Inne numery kontrolne [ , ]
    • a
    • Numer kontrolny
    • (OCoLC)1423964422
040 -Instytucja sporządzająca opis [ , ]
    • a
    • Instytucja, która sporządziła opis (NP)
    • KR U/MBK
    • c
    • Instytucja, która sporządziła rekord (NP)
    • KR U/MBK
    • d
    • Instytucja, która zmodyfikowała rekord (P)
    • KR U/MBKs
    • d
    • Instytucja, która zmodyfikowała rekord (P)
    • KR U/MBK
    • d
    • Instytucja, która zmodyfikowała rekord (P)
    • WR O/DM
    • d
    • Instytucja, która zmodyfikowała rekord (P)
    • KR U/MBK
    • d
    • Instytucja, która zmodyfikowała rekord (P)
    • LUBL U/AW
    • d
    • Instytucja, która zmodyfikowała rekord (P)
    • KR U/MBK
041 -Język dokumentu [0, ]
    • a
    • Język tekstu (P)
    • polski
    • b
    • Język streszczeń(P)
    • angielski
942 -Rodzaj dokumentu [ , ]
    • c
    • Rodzaj dokumentu
    • Wydaw. ciągłe w tym czasopisma
998 -Inne dane NUKAT [ , ]
    • a
    • Numer systemowy
    • vtls000024675
210 -Skrót tytułu [1, ]
    • a
    • Skrót tytułu
    • Zesz. Nauk. Uniw. Jagiell., Pr. Hist.-lit.
222 -Tytuł kluczowy [ ,0]
    • a
    • Tytuł kluczowy
    • Zeszyty Naukowe Uniwersytetu Jagiellońskiego. Prace Historycznoliterackie
245 -Strefa tytułu i oznaczenia odpowiedzialności [0,0]
    • a
    • Tytuł
    • Zeszyty Naukowe Uniwersytetu Jagiellońskiego.
    • p
    • Nazwa części (P)
    • Prace Historycznoliterackie.
246 -Wariant tytułu [1,3]
    • a
    • Tytuł (NP)
    • Universitas Iagellonica Cracoviensis Acta Scientiarum Litterarumque.
    • p
    • Nazwa części (P)
    • Schedae Litterariae
246 -Wariant tytułu [3,0]
    • a
    • Tytuł (NP)
    • Prace Historycznoliterackie
260 -Strefa adresu wydawniczego [ , ]
    • a
    • Miejsce wydania (P)
    • Kraków :
    • b
    • Nazwa wydawcy (P)
    • UJ,
    • c
    • Data wydania (P)
    • 1959-2003.
830 -Hasło dodatkowe serii i opisu książki wielotomowej - tytuł ujednolicony/tytuł [ ,0]
    • a
    • Tytuł ujednolicony/tytuł (NP)
    • Zeszyty Naukowe Uniwersytetu Jagiellońskiego
    • x
    • ISSN
    • 0860-0139
    • v
    • Oznaczenie tomu (NP)
    • 0860-0139
300 -Strefa opisu fizycznego [ , ]
    • c
    • Format (NP)
    • 24 cm.
310 -Częstotliwość [ , ]
    • a
    • Częstotliwość
    • Niereg.
336 -Typ zawartości [ , ]
    • a
    • Termin opisujący typ zawartości
    • Tekst
    • b
    • Typ/rodzaj nośnika
    • txt
    • 2
    • Źródło (termin i kod)
    • rdacontent
337 -Typ mediów [ , ]
    • a
    • Tryb odtwarzania
    • Bez urządzenia pośredniczącego
    • b
    • Kod typu mediów
    • n
    • 2
    • Źródło (termin i kod)
    • rdamedia
338 -Typ/rodzaj nośnika [ , ]
    • a
    • Hasło opisujące typ nośnika
    • Wolumin
    • b
    • Kod typu nośnika
    • nc
    • 2
    • Źródło (termin i kod)
    • rdacarrier
362 -Strefa numeracji [0, ]
    • a
    • Strefa numeracji
    • Z.3 - z. 97/98 (2003).
490 -Strefa serii i książki wielotomowej - forma nie do wyszukiwania [1, ]
    • a
    • Tytuł (P)
    • Zeszyty Naukowe Uniwersytetu Jagiellońskiego
500 -Uwaga ogólna [ , ]
    • a
    • Uwaga ogólna (NP)
    • Nr 3=21 og.zb.
500 -Uwaga ogólna [ , ]
    • a
    • Uwaga ogólna (NP)
    • Poprzednie zeszyty zostały wydane w ramach serii: "Zeszyty Naukowe Uniwersytetu Jagiellońskiego. Seria Nauk Społecznych. Filologia" - nie zostały oznaczone numerem.
500 -Uwaga ogólna [ , ]
    • a
    • Uwaga ogólna (NP)
    • Od nr. 95/96 (2001)- zanika numeracja serii głównej. Cyfry rzymskie MMI-MMII, stojące przy nazwie Zeszyty Naukowe... oznaczają datę [informacja od wydawcy].
650 -Hasło przedmiotowe - nazwa pospolita [ ,7]
    • a
    • Hasło przedmiotowe
    • Literatura
    • x
    • Określnik rzeczowy
    • historia i krytyka
710 -Hasło dodatkowe - nazwa ciała zbiorowego [2, ]
    • a
    • Nazwa ciała zbiorowego lub nazwa geograficzna jako pierwszy element (NP)
    • Uniwersytet Jagielloński.
780 -Tytuł poprzedni wydawnictwa [0,1]
    • t
    • Title
    • Zeszyty Naukowe Uniwersytetu Jagiellońskiego. Seria Nauk Społecznych. Filologia
    • x
    • International Standard Serial Number
    • 0450-9013
    • w
    • Record control number
    • (NUKAT)cc95204288
785 -Tytuł następny wydawnictwa [0,2]
    • t
    • Title
    • Studia Litteraria Universitatis Iagellonicae Cracoviensis
    • g
    • Relationship information
    • 2006-
    • x
    • International Standard Serial Number
    • 1897-3035
    • w
    • Record control number
    • (NUKAT)zz2007967829
952 -Egzemplarz [ , ]
    • c
    • Sygnatura
    • Pc.172
    • d
    • Lokalizacja
    • BM Biblioteka Międzywydziałowa
    • i
    • Nr tomu wydaw.cg
    • Z.37 (1979)
    • y
    • Status udostępniania
    • Tylko na miejscu
952 -Egzemplarz [ , ]
    • c
    • Sygnatura
    • Pc.172
    • d
    • Lokalizacja
    • BM Biblioteka Międzywydziałowa
    • i
    • Nr tomu wydaw.cg
    • Z.42 (1981)
    • y
    • Status udostępniania
    • Tylko na miejscu
952 -Egzemplarz [ , ]
    • c
    • Sygnatura
    • Pc.172
    • d
    • Lokalizacja
    • BM Biblioteka Międzywydziałowa
    • i
    • Nr tomu wydaw.cg
    • Z.43 (1981)
    • y
    • Status udostępniania
    • Tylko na miejscu
952 -Egzemplarz [ , ]
    • c
    • Sygnatura
    • Fc.803
    • d
    • Lokalizacja
    • BNS Biblioteka Humanistyczna i Nauk Społecznych
    • i
    • Nr tomu wydaw.cg
    • Z.59 (1985)
    • y
    • Status udostępniania
    • Tylko na miejscu
952 -Egzemplarz [ , ]
    • c
    • Sygnatura
    • Pc.172
    • d
    • Lokalizacja
    • BM Biblioteka Międzywydziałowa
    • i
    • Nr tomu wydaw.cg
    • Z.17 (1970)
    • y
    • Status udostępniania
    • Tylko na miejscu
952 -Egzemplarz [ , ]
    • c
    • Sygnatura
    • Pc.172
    • d
    • Lokalizacja
    • BM Biblioteka Międzywydziałowa
    • i
    • Nr tomu wydaw.cg
    • Z.39 (1980)
    • y
    • Status udostępniania
    • Tylko na miejscu
952 -Egzemplarz [ , ]
    • c
    • Sygnatura
    • Pc.172
    • d
    • Lokalizacja
    • BM Biblioteka Międzywydziałowa
    • i
    • Nr tomu wydaw.cg
    • Z.50 (1984)
    • y
    • Status udostępniania
    • Tylko na miejscu
952 -Egzemplarz [ , ]
    • c
    • Sygnatura
    • Pc.172
    • d
    • Lokalizacja
    • BM Biblioteka Międzywydziałowa
    • i
    • Nr tomu wydaw.cg
    • Z.53 (1984)
    • y
    • Status udostępniania
    • Tylko na miejscu
952 -Egzemplarz [ , ]
    • c
    • Sygnatura
    • Pc.172
    • d
    • Lokalizacja
    • BM Biblioteka Międzywydziałowa
    • i
    • Nr tomu wydaw.cg
    • Z.54 (1985)
    • y
    • Status udostępniania
    • Tylko na miejscu
952 -Egzemplarz [ , ]
    • c
    • Sygnatura
    • Pc.172
    • d
    • Lokalizacja
    • BM Biblioteka Międzywydziałowa
    • i
    • Nr tomu wydaw.cg
    • Z.57 (1985)
    • y
    • Status udostępniania
    • Tylko na miejscu
952 -Egzemplarz [ , ]
    • c
    • Sygnatura
    • Pc.172
    • d
    • Lokalizacja
    • BM Biblioteka Międzywydziałowa
    • i
    • Nr tomu wydaw.cg
    • Z.62 (1987)
    • y
    • Status udostępniania
    • Tylko na miejscu
952 -Egzemplarz [ , ]
    • c
    • Sygnatura
    • Pc.172
    • d
    • Lokalizacja
    • BM Biblioteka Międzywydziałowa
    • i
    • Nr tomu wydaw.cg
    • Z.67 (1987)
    • y
    • Status udostępniania
    • Tylko na miejscu
952 -Egzemplarz [ , ]
    • c
    • Sygnatura
    • Pc.172
    • d
    • Lokalizacja
    • BM Biblioteka Międzywydziałowa
    • i
    • Nr tomu wydaw.cg
    • Z.69 (1990)
    • y
    • Status udostępniania
    • Tylko na miejscu
952 -Egzemplarz [ , ]
    • c
    • Sygnatura
    • Pc.172
    • d
    • Lokalizacja
    • BM Biblioteka Międzywydziałowa
    • i
    • Nr tomu wydaw.cg
    • Z.29 (1974)
    • y
    • Status udostępniania
    • Tylko na miejscu
952 -Egzemplarz [ , ]
    • c
    • Sygnatura
    • Pc.172
    • d
    • Lokalizacja
    • BM Biblioteka Międzywydziałowa
    • i
    • Nr tomu wydaw.cg
    • Z.33 (1975)
    • y
    • Status udostępniania
    • Tylko na miejscu
952 -Egzemplarz [ , ]
    • c
    • Sygnatura
    • Ec.1425 (ul. Cukrowa 8)
    • d
    • Lokalizacja
    • BE Biblioteka Ekonomiczna
    • i
    • Nr tomu wydaw.cg
    • Z. 3 (1957)
    • y
    • Status udostępniania
    • Tylko na miejscu
952 -Egzemplarz [ , ]
    • c
    • Sygnatura
    • Ec.1425 (ul. Cukrowa 8)
    • d
    • Lokalizacja
    • BE Biblioteka Ekonomiczna
    • i
    • Nr tomu wydaw.cg
    • Z. 9 (1966)
    • y
    • Status udostępniania
    • Tylko na miejscu
952 -Egzemplarz [ , ]
    • c
    • Sygnatura
    • Ec.1425 (ul. Cukrowa 8)
    • d
    • Lokalizacja
    • BE Biblioteka Ekonomiczna
    • i
    • Nr tomu wydaw.cg
    • Z. 10 (1966)
    • y
    • Status udostępniania
    • Tylko na miejscu
952 -Egzemplarz [ , ]
    • c
    • Sygnatura
    • Pc.172
    • d
    • Lokalizacja
    • BM Biblioteka Międzywydziałowa
    • i
    • Nr tomu wydaw.cg
    • Z.10 (1966)
    • y
    • Status udostępniania
    • Tylko na miejscu
952 -Egzemplarz [ , ]
    • c
    • Sygnatura
    • Pc.172
    • d
    • Lokalizacja
    • BM Biblioteka Międzywydziałowa
    • i
    • Nr tomu wydaw.cg
    • Z.25 (1973)
    • y
    • Status udostępniania
    • Tylko na miejscu
952 -Egzemplarz [ , ]
    • a
    • Numer inwentarzowy
    • Pc.7838
    • c
    • Sygnatura
    • Pc.172
    • d
    • Lokalizacja
    • BM Biblioteka Międzywydziałowa
    • i
    • Nr tomu wydaw.cg
    • Z.35 (1976)
    • p
    • Kod kreskowy
    • 2003900078382
    • r
    • Cena
    • 3.00
    • w
    • Data inwentaryzacji
    • 2024-07-17
    • y
    • Status udostępniania
    • Tylko na miejscu
    • z
    • Sposób nabycia
    • e
    • Akcesja
    • 24ic3/3
952 -Egzemplarz [ , ]
    • a
    • Numer inwentarzowy
    • Pc.7839
    • c
    • Sygnatura
    • Pc.172
    • d
    • Lokalizacja
    • BM Biblioteka Międzywydziałowa
    • i
    • Nr tomu wydaw.cg
    • Z.36 (1977)
    • p
    • Kod kreskowy
    • 2003900078399
    • r
    • Cena
    • 3.00
    • w
    • Data inwentaryzacji
    • 2024-07-17
    • y
    • Status udostępniania
    • Tylko na miejscu
    • z
    • Sposób nabycia
    • e
    • Akcesja
    • 24ic3/4
952 -Egzemplarz [ , ]
    • a
    • Numer inwentarzowy
    • Cg.7166
    • c
    • Sygnatura
    • Cg.44 (p.202)
    • d
    • Lokalizacja
    • BG Dział Udostępniania Biblioteka Główna
    • i
    • Nr tomu wydaw.cg
    • Z.3 (1959)
    • p
    • Kod kreskowy
    • 2003000071665
    • y
    • Status udostępniania
    • Tylko na miejscu
952 -Egzemplarz [ , ]
    • a
    • Numer inwentarzowy
    • Cg.7167
    • c
    • Sygnatura
    • Cg.44 (p.202)
    • d
    • Lokalizacja
    • BG Dział Udostępniania Biblioteka Główna
    • i
    • Nr tomu wydaw.cg
    • Z.4 (1961)
    • p
    • Kod kreskowy
    • 2003000071672
    • y
    • Status udostępniania
    • Tylko na miejscu
952 -Egzemplarz [ , ]
    • a
    • Numer inwentarzowy
    • Cg.7168
    • c
    • Sygnatura
    • Cg.44 (p.202)
    • d
    • Lokalizacja
    • BG Dział Udostępniania Biblioteka Główna
    • i
    • Nr tomu wydaw.cg
    • Z.5 (1963)
    • p
    • Kod kreskowy
    • 2003000071689
    • y
    • Status udostępniania
    • Tylko na miejscu
952 -Egzemplarz [ , ]
    • a
    • Numer inwentarzowy
    • Cg.7169
    • c
    • Sygnatura
    • Cg.44
    • d
    • Lokalizacja
    • BG Dział Udostępniania Biblioteka Główna
    • i
    • Nr tomu wydaw.cg
    • Z.6 (1963)
    • p
    • Kod kreskowy
    • 2003000071696
    • r
    • Cena
    • 0.00
    • v
    • Data wprowadzenia opisu
    • 2017-06-29
    • y
    • Status udostępniania
    • Tylko na miejscu
952 -Egzemplarz [ , ]
    • a
    • Numer inwentarzowy
    • Cg.7170
    • c
    • Sygnatura
    • Cg.44 (p.202)
    • d
    • Lokalizacja
    • BG Dział Udostępniania Biblioteka Główna
    • i
    • Nr tomu wydaw.cg
    • Z.8 (1965)
    • p
    • Kod kreskowy
    • 2003000071702
    • y
    • Status udostępniania
    • Tylko na miejscu
952 -Egzemplarz [ , ]
    • a
    • Numer inwentarzowy
    • Cg.7171
    • c
    • Sygnatura
    • Cg.44 (p.202)
    • d
    • Lokalizacja
    • BG Dział Udostępniania Biblioteka Główna
    • i
    • Nr tomu wydaw.cg
    • Z.9 (1966)
    • p
    • Kod kreskowy
    • 2003000071719
    • r
    • Cena
    • 0.00
    • v
    • Data wprowadzenia opisu
    • 2017-03-22
    • y
    • Status udostępniania
    • Tylko na miejscu
952 -Egzemplarz [ , ]
    • a
    • Numer inwentarzowy
    • Cg.7172
    • c
    • Sygnatura
    • Cg.44 (p.202)
    • d
    • Lokalizacja
    • BG Dział Udostępniania Biblioteka Główna
    • i
    • Nr tomu wydaw.cg
    • Z.10 (1966)
    • p
    • Kod kreskowy
    • 2003000071726
    • r
    • Cena
    • 0.00
    • v
    • Data wprowadzenia opisu
    • 2017-03-22
    • y
    • Status udostępniania
    • Tylko na miejscu
952 -Egzemplarz [ , ]
    • a
    • Numer inwentarzowy
    • Cg.7883
    • c
    • Sygnatura
    • Cg.44 (p.202)
    • d
    • Lokalizacja
    • BG Dział Udostępniania Biblioteka Główna
    • i
    • Nr tomu wydaw.cg
    • Z.12 (1966)
    • p
    • Kod kreskowy
    • 2003000078831
    • r
    • Cena
    • 0.00
    • v
    • Data wprowadzenia opisu
    • 2017-03-22
    • y
    • Status udostępniania
    • Tylko na miejscu
952 -Egzemplarz [ , ]
    • a
    • Numer inwentarzowy
    • Cg.7174
    • c
    • Sygnatura
    • Cg.44 (p.202)
    • d
    • Lokalizacja
    • BG Dział Udostępniania Biblioteka Główna
    • i
    • Nr tomu wydaw.cg
    • Z.15 (1969)
    • p
    • Kod kreskowy
    • 2003000071740
    • r
    • Cena
    • 0.00
    • v
    • Data wprowadzenia opisu
    • 2017-03-22
    • y
    • Status udostępniania
    • Tylko na miejscu
952 -Egzemplarz [ , ]
    • a
    • Numer inwentarzowy
    • Cg.7173
    • c
    • Sygnatura
    • Cg.44 (p.202)
    • d
    • Lokalizacja
    • BG Dział Udostępniania Biblioteka Główna
    • i
    • Nr tomu wydaw.cg
    • Z.14 (1968)
    • p
    • Kod kreskowy
    • 2003000071733
    • y
    • Status udostępniania
    • Tylko na miejscu
952 -Egzemplarz [ , ]
    • a
    • Numer inwentarzowy
    • Cg.7175
    • c
    • Sygnatura
    • Cg.44 (p.202)
    • d
    • Lokalizacja
    • BG Dział Udostępniania Biblioteka Główna
    • i
    • Nr tomu wydaw.cg
    • Z.16 (1970)
    • p
    • Kod kreskowy
    • 2003000071757
    • r
    • Cena
    • 0.00
    • v
    • Data wprowadzenia opisu
    • 2017-03-22
    • y
    • Status udostępniania
    • Tylko na miejscu
952 -Egzemplarz [ , ]
    • a
    • Numer inwentarzowy
    • Cg.44
    • c
    • Sygnatura
    • Cg.44 (p.202)
    • d
    • Lokalizacja
    • BG Dział Udostępniania Biblioteka Główna
    • i
    • Nr tomu wydaw.cg
    • Z.17 (1970)
    • p
    • Kod kreskowy
    • 2003000000443
    • y
    • Status udostępniania
    • Tylko na miejscu
952 -Egzemplarz [ , ]
    • a
    • Numer inwentarzowy
    • Cg.7176
    • c
    • Sygnatura
    • Cg.44 (p.202)
    • d
    • Lokalizacja
    • BG Dział Udostępniania Biblioteka Główna
    • i
    • Nr tomu wydaw.cg
    • Z.19 (1971)
    • p
    • Kod kreskowy
    • 2003000071764
    • r
    • Cena
    • 0.00
    • v
    • Data wprowadzenia opisu
    • 2017-03-22
    • y
    • Status udostępniania
    • Tylko na miejscu
952 -Egzemplarz [ , ]
    • a
    • Numer inwentarzowy
    • Cg.284
    • c
    • Sygnatura
    • Cg.44 (p.202)
    • d
    • Lokalizacja
    • BG Dział Udostępniania Biblioteka Główna
    • i
    • Nr tomu wydaw.cg
    • Z.20 (1971)
    • p
    • Kod kreskowy
    • 2003000002843
    • r
    • Cena
    • 0.00
    • v
    • Data wprowadzenia opisu
    • 2017-03-22
    • y
    • Status udostępniania
    • Tylko na miejscu
952 -Egzemplarz [ , ]
    • a
    • Numer inwentarzowy
    • Pc.173
    • c
    • Sygnatura
    • Pc.172/20
    • d
    • Lokalizacja
    • BM Biblioteka Międzywydziałowa
    • i
    • Nr tomu wydaw.cg
    • Z.20 (1971)
    • p
    • Kod kreskowy
    • 2003900001731
    • r
    • Cena
    • 0.00
    • v
    • Data wprowadzenia opisu
    • 2017-06-14
    • y
    • Status udostępniania
    • Tylko na miejscu
952 -Egzemplarz [ , ]
    • a
    • Numer inwentarzowy
    • Cg.372
    • c
    • Sygnatura
    • Cg.44 (p.202)
    • d
    • Lokalizacja
    • BG Dział Udostępniania Biblioteka Główna
    • i
    • Nr tomu wydaw.cg
    • Z.21 (1971)
    • p
    • Kod kreskowy
    • 2003000003727
    • y
    • Status udostępniania
    • Tylko na miejscu
952 -Egzemplarz [ , ]
    • a
    • Numer inwentarzowy
    • Cg.243
    • c
    • Sygnatura
    • Cg.44
    • d
    • Lokalizacja
    • BG Dział Udostępniania Biblioteka Główna
    • e
    • Akcesja
    • 00
    • i
    • Nr tomu wydaw.cg
    • Z.22 (1971)
    • p
    • Kod kreskowy
    • 2003000002430
    • r
    • Cena
    • 0.00
    • v
    • Data wprowadzenia opisu
    • 2011-06-07
    • y
    • Status udostępniania
    • Tylko na miejscu
952 -Egzemplarz [ , ]
    • a
    • Numer inwentarzowy
    • W.68934
    • d
    • Lokalizacja
    • BG Dział Udostępniania Biblioteka Główna
    • e
    • Akcesja
    • 00
    • i
    • Nr tomu wydaw.cg
    • Z.22 (1971)
    • p
    • Kod kreskowy
    • 2000100689349
    • r
    • Cena
    • 0.00
    • v
    • Data wprowadzenia opisu
    • 2011-06-07
    • y
    • Status udostępniania
    • miesięczne
952 -Egzemplarz [ , ]
    • a
    • Numer inwentarzowy
    • Pc.6409
    • c
    • Sygnatura
    • Pc.172/22
    • d
    • Lokalizacja
    • BM Biblioteka Międzywydziałowa
    • e
    • Akcesja
    • 10i7/3
    • i
    • Nr tomu wydaw.cg
    • Z.22 (1971)
    • p
    • Kod kreskowy
    • 2003900064095
    • r
    • Cena
    • 8.00
    • v
    • Data wprowadzenia opisu
    • 2010-06-21
    • w
    • Data inwentaryzacji
    • 2011-06-07
    • y
    • Status udostępniania
    • Tylko na miejscu
    • z
    • Sposób nabycia
    • inne zwarte
952 -Egzemplarz [ , ]
    • a
    • Numer inwentarzowy
    • W.6295
    • c
    • Sygnatura
    • W.6294
    • d
    • Lokalizacja
    • BG Dział Udostępniania Biblioteka Główna
    • e
    • Akcesja
    • 00
    • h
    • Uwagi
    • przepisany
    • p
    • Kod kreskowy
    • 2000100062951
    • r
    • Cena
    • 0.00
    • v
    • Data wprowadzenia opisu
    • 2011-06-07
    • w
    • Data inwentaryzacji
    • y
    • Status udostępniania
    • Niedostępne
    • g
    • Ubytek
    • 332/2010 - 2010-06-09
952 -Egzemplarz [ , ]
    • a
    • Numer inwentarzowy
    • W.6294
    • c
    • Sygnatura
    • W.6294
    • d
    • Lokalizacja
    • BG Dział Udostępniania Biblioteka Główna
    • e
    • Akcesja
    • 00
    • h
    • Uwagi
    • ubytek, przepisany
    • p
    • Kod kreskowy
    • 2000100062944
    • r
    • Cena
    • 0.00
    • v
    • Data wprowadzenia opisu
    • 2011-06-07
    • w
    • Data inwentaryzacji
    • y
    • Status udostępniania
    • Niedostępne
    • g
    • Ubytek
    • 335/2010 - 2010-06-11
952 -Egzemplarz [ , ]
    • a
    • Numer inwentarzowy
    • Cg.510
    • c
    • Sygnatura
    • Cg.44 (p.202)
    • d
    • Lokalizacja
    • BG Dział Udostępniania Biblioteka Główna
    • e
    • Akcesja
    • 00
    • i
    • Nr tomu wydaw.cg
    • Z.23 (1972)
    • p
    • Kod kreskowy
    • 2003000005103
    • r
    • Cena
    • 0.00
    • v
    • Data wprowadzenia opisu
    • 2011-06-07
    • y
    • Status udostępniania
    • Tylko na miejscu
952 -Egzemplarz [ , ]
    • a
    • Numer inwentarzowy
    • Pc.6410
    • c
    • Sygnatura
    • Pc.172/23
    • d
    • Lokalizacja
    • BM Biblioteka Międzywydziałowa
    • e
    • Akcesja
    • 10i7/8
    • i
    • Nr tomu wydaw.cg
    • Z.23 (1972)
    • p
    • Kod kreskowy
    • 2003900064101
    • r
    • Cena
    • 8.00
    • v
    • Data wprowadzenia opisu
    • 2010-06-21
    • w
    • Data inwentaryzacji
    • 2011-06-07
    • y
    • Status udostępniania
    • Tylko na miejscu
    • z
    • Sposób nabycia
    • inne zwarte
952 -Egzemplarz [ , ]
    • a
    • Numer inwentarzowy
    • W.12420
    • c
    • Sygnatura
    • W.6294
    • d
    • Lokalizacja
    • BG Dział Udostępniania Biblioteka Główna
    • e
    • Akcesja
    • 00
    • h
    • Uwagi
    • ubytek, przepisany
    • p
    • Kod kreskowy
    • 2000100124208
    • r
    • Cena
    • 0.00
    • v
    • Data wprowadzenia opisu
    • 2011-06-07
    • w
    • Data inwentaryzacji
    • y
    • Status udostępniania
    • Niedostępne
    • g
    • Ubytek
    • 66/1990 - 1990-07-25
952 -Egzemplarz [ , ]
    • a
    • Numer inwentarzowy
    • Cg.655
    • c
    • Sygnatura
    • Cg.44 (p.202)
    • d
    • Lokalizacja
    • BG Dział Udostępniania Biblioteka Główna
    • i
    • Nr tomu wydaw.cg
    • Z.24 (1973)
    • p
    • Kod kreskowy
    • 2003000006551
    • y
    • Status udostępniania
    • Tylko na miejscu
952 -Egzemplarz [ , ]
    • a
    • Numer inwentarzowy
    • Cg.787
    • c
    • Sygnatura
    • Cg.44 (p.202)
    • d
    • Lokalizacja
    • BG Dział Udostępniania Biblioteka Główna
    • i
    • Nr tomu wydaw.cg
    • Z.25 (1973)
    • p
    • Kod kreskowy
    • 2003000007879
    • r
    • Cena
    • 0.00
    • v
    • Data wprowadzenia opisu
    • 2017-03-22
    • y
    • Status udostępniania
    • Tylko na miejscu
952 -Egzemplarz [ , ]
    • a
    • Numer inwentarzowy
    • W.17344
    • d
    • Lokalizacja
    • BG Dział Udostępniania Biblioteka Główna
    • e
    • Akcesja
    • h
    • Uwagi
    • ubytek
    • p
    • Kod kreskowy
    • 2000100173442
    • r
    • Cena
    • 0.00
    • v
    • Data wprowadzenia opisu
    • 2017-06-14
    • y
    • Status udostępniania
    • Niedostępne
    • g
    • Ubytek
    • 332/2010 - 2010-06-09
952 -Egzemplarz [ , ]
    • a
    • Numer inwentarzowy
    • Cg.881
    • c
    • Sygnatura
    • Cg.44 (p.202)
    • d
    • Lokalizacja
    • BG Dział Udostępniania Biblioteka Główna
    • i
    • Nr tomu wydaw.cg
    • Z.26 (1973)
    • p
    • Kod kreskowy
    • 2003000008814
    • r
    • Cena
    • 0.00
    • v
    • Data wprowadzenia opisu
    • 2017-03-22
    • y
    • Status udostępniania
    • Tylko na miejscu
952 -Egzemplarz [ , ]
    • a
    • Numer inwentarzowy
    • W.68988
    • c
    • Sygnatura
    • W.6294
    • d
    • Lokalizacja
    • BG Dział Udostępniania Biblioteka Główna
    • i
    • Nr tomu wydaw.cg
    • Z.26 (1973)
    • p
    • Kod kreskowy
    • 2000100689882
    • r
    • Cena
    • 0.00
    • v
    • Data wprowadzenia opisu
    • 2017-06-14
    • y
    • Status udostępniania
    • miesięczne
952 -Egzemplarz [ , ]
    • a
    • Numer inwentarzowy
    • Cg.870
    • c
    • Sygnatura
    • Cg.44 (p.202)
    • d
    • Lokalizacja
    • BG Dział Udostępniania Biblioteka Główna
    • i
    • Nr tomu wydaw.cg
    • Z.27 (1973)
    • p
    • Kod kreskowy
    • 2003000008708
    • y
    • Status udostępniania
    • Tylko na miejscu
952 -Egzemplarz [ , ]
    • a
    • Numer inwentarzowy
    • W.28602
    • d
    • Lokalizacja
    • BG Dział Udostępniania Biblioteka Główna
    • e
    • Akcesja
    • 00
    • i
    • Nr tomu wydaw.cg
    • Z.28 (1974)
    • p
    • Kod kreskowy
    • 2000100286029
    • r
    • Cena
    • 0.00
    • v
    • Data wprowadzenia opisu
    • 2011-06-07
    • y
    • Status udostępniania
    • miesięczne
952 -Egzemplarz [ , ]
    • a
    • Numer inwentarzowy
    • Cg.1064
    • c
    • Sygnatura
    • Cg.44 (p.202)
    • d
    • Lokalizacja
    • BG Dział Udostępniania Biblioteka Główna
    • e
    • Akcesja
    • 00
    • i
    • Nr tomu wydaw.cg
    • Z.28 (1974)
    • p
    • Kod kreskowy
    • 2003000010640
    • r
    • Cena
    • 0.00
    • v
    • Data wprowadzenia opisu
    • 2011-06-07
    • y
    • Status udostępniania
    • Tylko na miejscu
952 -Egzemplarz [ , ]
    • a
    • Numer inwentarzowy
    • Pc.6411
    • c
    • Sygnatura
    • Pc.172/28
    • d
    • Lokalizacja
    • BM Biblioteka Międzywydziałowa
    • e
    • Akcesja
    • 10i7/14
    • i
    • Nr tomu wydaw.cg
    • Z.28 (1974)
    • p
    • Kod kreskowy
    • 2003900064118
    • r
    • Cena
    • 8.00
    • v
    • Data wprowadzenia opisu
    • 2010-06-21
    • w
    • Data inwentaryzacji
    • 2011-06-07
    • y
    • Status udostępniania
    • Tylko na miejscu
    • z
    • Sposób nabycia
    • inne zwarte
952 -Egzemplarz [ , ]
    • a
    • Numer inwentarzowy
    • W.30122
    • c
    • Sygnatura
    • W.6294
    • d
    • Lokalizacja
    • BG Dział Udostępniania Biblioteka Główna
    • e
    • Akcesja
    • 00
    • h
    • Uwagi
    • ubytek, przepisany
    • p
    • Kod kreskowy
    • 2000100301227
    • r
    • Cena
    • 0.00
    • v
    • Data wprowadzenia opisu
    • 2011-06-07
    • w
    • Data inwentaryzacji
    • y
    • Status udostępniania
    • Niedostępne
    • g
    • Ubytek
    • 335/2010 - 2010-06-11
952 -Egzemplarz [ , ]
    • a
    • Numer inwentarzowy
    • Cg.1088
    • c
    • Sygnatura
    • Cg.44 (p.202)
    • d
    • Lokalizacja
    • BG Dział Udostępniania Biblioteka Główna
    • i
    • Nr tomu wydaw.cg
    • Z.29 (1974)
    • p
    • Kod kreskowy
    • 2003000010886
    • y
    • Status udostępniania
    • Tylko na miejscu
952 -Egzemplarz [ , ]
    • a
    • Numer inwentarzowy
    • Cg.6516
    • c
    • Sygnatura
    • Cg.44 (p.202)
    • d
    • Lokalizacja
    • BG Dział Udostępniania Biblioteka Główna
    • e
    • Akcesja
    • 00
    • i
    • Nr tomu wydaw.cg
    • Z.30 (1974)
    • p
    • Kod kreskowy
    • 2003000065169
    • r
    • Cena
    • 0.00
    • v
    • Data wprowadzenia opisu
    • 2011-06-09
    • y
    • Status udostępniania
    • Tylko na miejscu
952 -Egzemplarz [ , ]
    • a
    • Numer inwentarzowy
    • Pc.6418
    • c
    • Sygnatura
    • Pc.172/30
    • d
    • Lokalizacja
    • BM Biblioteka Międzywydziałowa
    • e
    • Akcesja
    • 10i8/7
    • i
    • Nr tomu wydaw.cg
    • Z.30 (1974)
    • p
    • Kod kreskowy
    • 2003900064187
    • r
    • Cena
    • 5.00
    • v
    • Data wprowadzenia opisu
    • 2010-06-22
    • w
    • Data inwentaryzacji
    • 2011-06-09
    • y
    • Status udostępniania
    • Tylko na miejscu
    • z
    • Sposób nabycia
    • inne zwarte
952 -Egzemplarz [ , ]
    • a
    • Numer inwentarzowy
    • W.72810
    • c
    • Sygnatura
    • W.6294
    • d
    • Lokalizacja
    • BG Dział Udostępniania Biblioteka Główna
    • e
    • Akcesja
    • 00
    • h
    • Uwagi
    • przepisany
    • p
    • Kod kreskowy
    • 2000100728109
    • r
    • Cena
    • 0.00
    • v
    • Data wprowadzenia opisu
    • 2011-06-09
    • w
    • Data inwentaryzacji
    • y
    • Status udostępniania
    • Niedostępne
    • g
    • Ubytek
    • 332/2010 - 2010-06-09
952 -Egzemplarz [ , ]
    • a
    • Numer inwentarzowy
    • W.72811
    • c
    • Sygnatura
    • W.6294
    • d
    • Lokalizacja
    • BG Dział Udostępniania Biblioteka Główna
    • e
    • Akcesja
    • 00
    • h
    • Uwagi
    • ubytek, przepisany
    • p
    • Kod kreskowy
    • 2000100728116
    • r
    • Cena
    • 0.00
    • v
    • Data wprowadzenia opisu
    • 2011-06-09
    • w
    • Data inwentaryzacji
    • y
    • Status udostępniania
    • Niedostępne
    • g
    • Ubytek
    • 338/2010 - 2010-06-11
952 -Egzemplarz [ , ]
    • a
    • Numer inwentarzowy
    • Cg.6525
    • c
    • Sygnatura
    • Cg.44 (p.202)
    • d
    • Lokalizacja
    • BG Dział Udostępniania Biblioteka Główna
    • e
    • Akcesja
    • 00
    • h
    • Uwagi
    • przepisany
    • i
    • Nr tomu wydaw.cg
    • Z.31 (1975)
    • p
    • Kod kreskowy
    • 2003000065251
    • r
    • Cena
    • 0.00
    • v
    • Data wprowadzenia opisu
    • 2011-06-09
    • y
    • Status udostępniania
    • Tylko na miejscu
952 -Egzemplarz [ , ]
    • a
    • Numer inwentarzowy
    • Pc.6419
    • c
    • Sygnatura
    • Pc.172/31
    • d
    • Lokalizacja
    • BM Biblioteka Międzywydziałowa
    • e
    • Akcesja
    • 10i8/9
    • i
    • Nr tomu wydaw.cg
    • Z.31 (1975)
    • p
    • Kod kreskowy
    • 2003900064194
    • r
    • Cena
    • 5.00
    • v
    • Data wprowadzenia opisu
    • 2010-06-22
    • w
    • Data inwentaryzacji
    • 2011-06-09
    • y
    • Status udostępniania
    • Tylko na miejscu
    • z
    • Sposób nabycia
    • inne zwarte
952 -Egzemplarz [ , ]
    • a
    • Numer inwentarzowy
    • W.73657
    • c
    • Sygnatura
    • W.6294
    • d
    • Lokalizacja
    • BG Dział Udostępniania Biblioteka Główna
    • e
    • Akcesja
    • 00
    • h
    • Uwagi
    • ubytek, przepisany
    • p
    • Kod kreskowy
    • 2000100736579
    • r
    • Cena
    • 0.00
    • v
    • Data wprowadzenia opisu
    • 2011-06-09
    • w
    • Data inwentaryzacji
    • y
    • Status udostępniania
    • Niedostępne
    • g
    • Ubytek
    • 338/2010 - 2010-06-11
952 -Egzemplarz [ , ]
    • a
    • Numer inwentarzowy
    • W.72816
    • c
    • Sygnatura
    • W.6294
    • d
    • Lokalizacja
    • BG Dział Udostępniania Biblioteka Główna
    • e
    • Akcesja
    • 00
    • h
    • Uwagi
    • przepisany
    • p
    • Kod kreskowy
    • 2000100728161
    • r
    • Cena
    • 0.00
    • v
    • Data wprowadzenia opisu
    • 2011-06-09
    • w
    • Data inwentaryzacji
    • y
    • Status udostępniania
    • Niedostępne
    • g
    • Ubytek
    • 332/2010 - 2010-06-09
952 -Egzemplarz [ , ]
    • a
    • Numer inwentarzowy
    • Cg.1937
    • c
    • Sygnatura
    • Cg.44 (p.202)
    • d
    • Lokalizacja
    • BG Dział Udostępniania Biblioteka Główna
    • e
    • Akcesja
    • 00
    • i
    • Nr tomu wydaw.cg
    • Z.32 (1975)
    • p
    • Kod kreskowy
    • 2003000019377
    • r
    • Cena
    • 0.00
    • v
    • Data wprowadzenia opisu
    • 2011-06-07
    • y
    • Status udostępniania
    • Tylko na miejscu
952 -Egzemplarz [ , ]
    • a
    • Numer inwentarzowy
    • Pc.6412
    • c
    • Sygnatura
    • Pc.172/32
    • d
    • Lokalizacja
    • BM Biblioteka Międzywydziałowa
    • e
    • Akcesja
    • 10i7/20
    • i
    • Nr tomu wydaw.cg
    • Z.32 (1975)
    • p
    • Kod kreskowy
    • 2003900064125
    • r
    • Cena
    • 8.00
    • v
    • Data wprowadzenia opisu
    • 2010-06-21
    • w
    • Data inwentaryzacji
    • 2011-06-07
    • y
    • Status udostępniania
    • Tylko na miejscu
    • z
    • Sposób nabycia
    • inne zwarte
952 -Egzemplarz [ , ]
    • a
    • Numer inwentarzowy
    • W.44758
    • c
    • Sygnatura
    • W.6294
    • d
    • Lokalizacja
    • BG Dział Udostępniania Biblioteka Główna
    • e
    • Akcesja
    • 00
    • h
    • Uwagi
    • przepisany
    • p
    • Kod kreskowy
    • 2000100447581
    • r
    • Cena
    • 0.00
    • v
    • Data wprowadzenia opisu
    • 2011-06-07
    • w
    • Data inwentaryzacji
    • y
    • Status udostępniania
    • Niedostępne
    • g
    • Ubytek
    • 332/2010 - 2010-06-09
952 -Egzemplarz [ , ]
    • a
    • Numer inwentarzowy
    • W.44759
    • c
    • Sygnatura
    • W.6294
    • d
    • Lokalizacja
    • BG Dział Udostępniania Biblioteka Główna
    • e
    • Akcesja
    • 00
    • h
    • Uwagi
    • ubytek, przepisany
    • p
    • Kod kreskowy
    • 2000100447598
    • r
    • Cena
    • 0.00
    • v
    • Data wprowadzenia opisu
    • 2011-06-07
    • w
    • Data inwentaryzacji
    • y
    • Status udostępniania
    • Niedostępne
    • g
    • Ubytek
    • 335/2010 - 2010-06-11
952 -Egzemplarz [ , ]
    • a
    • Numer inwentarzowy
    • Cg.2278
    • c
    • Sygnatura
    • Cg.44 (p.202)
    • d
    • Lokalizacja
    • BG Dział Udostępniania Biblioteka Główna
    • i
    • Nr tomu wydaw.cg
    • Z.33 (1975)
    • p
    • Kod kreskowy
    • 2003000022780
    • y
    • Status udostępniania
    • Tylko na miejscu
952 -Egzemplarz [ , ]
    • a
    • Numer inwentarzowy
    • Cg.2540
    • c
    • Sygnatura
    • Cg.44 (p.202)
    • d
    • Lokalizacja
    • BG Dział Udostępniania Biblioteka Główna
    • e
    • Akcesja
    • 00
    • i
    • Nr tomu wydaw.cg
    • Z.34 (1976)
    • p
    • Kod kreskowy
    • 2003000025408
    • r
    • Cena
    • 0.00
    • v
    • Data wprowadzenia opisu
    • 2011-06-09
    • y
    • Status udostępniania
    • Tylko na miejscu
952 -Egzemplarz [ , ]
    • a
    • Numer inwentarzowy
    • Pc.6420
    • c
    • Sygnatura
    • Pc.172/34
    • d
    • Lokalizacja
    • BM Biblioteka Międzywydziałowa
    • e
    • Akcesja
    • 10i8/6
    • i
    • Nr tomu wydaw.cg
    • Z.34 (1976)
    • p
    • Kod kreskowy
    • 2003900064200
    • r
    • Cena
    • 5.00
    • v
    • Data wprowadzenia opisu
    • 2010-06-22
    • w
    • Data inwentaryzacji
    • 2011-06-09
    • y
    • Status udostępniania
    • Tylko na miejscu
    • z
    • Sposób nabycia
    • inne zwarte
952 -Egzemplarz [ , ]
    • a
    • Numer inwentarzowy
    • W.50580
    • c
    • Sygnatura
    • W.6294
    • d
    • Lokalizacja
    • BG Dział Udostępniania Biblioteka Główna
    • e
    • Akcesja
    • 00
    • h
    • Uwagi
    • ubytek, przepisany
    • p
    • Kod kreskowy
    • 2000100505809
    • r
    • Cena
    • 0.00
    • v
    • Data wprowadzenia opisu
    • 2011-06-09
    • w
    • Data inwentaryzacji
    • y
    • Status udostępniania
    • Niedostępne
    • g
    • Ubytek
    • 338/2010 - 2010-06-11
952 -Egzemplarz [ , ]
    • a
    • Numer inwentarzowy
    • Cg.4362
    • c
    • Sygnatura
    • Cg.44 (p.202)
    • d
    • Lokalizacja
    • BG Dział Udostępniania Biblioteka Główna
    • i
    • Nr tomu wydaw.cg
    • Z.35 (1976)
    • p
    • Kod kreskowy
    • 2003000043624
    • y
    • Status udostępniania
    • Tylko na miejscu
952 -Egzemplarz [ , ]
    • a
    • Numer inwentarzowy
    • Cg.5040
    • c
    • Sygnatura
    • Cg.44 (p.202)
    • d
    • Lokalizacja
    • BG Dział Udostępniania Biblioteka Główna
    • i
    • Nr tomu wydaw.cg
    • Z.36 (1977)
    • p
    • Kod kreskowy
    • 2003000050400
    • y
    • Status udostępniania
    • Tylko na miejscu
952 -Egzemplarz [ , ]
    • a
    • Numer inwentarzowy
    • Cg.7391
    • c
    • Sygnatura
    • Cg.44 (p.202)
    • d
    • Lokalizacja
    • BG Dział Udostępniania Biblioteka Główna
    • i
    • Nr tomu wydaw.cg
    • Z.37 (1979)
    • p
    • Kod kreskowy
    • 2003000073911
    • y
    • Status udostępniania
    • Tylko na miejscu
952 -Egzemplarz [ , ]
    • a
    • Numer inwentarzowy
    • Cg.7576
    • c
    • Sygnatura
    • Cg.44 (p.202)
    • d
    • Lokalizacja
    • BG Dział Udostępniania Biblioteka Główna
    • i
    • Nr tomu wydaw.cg
    • Z.38 (1979)
    • p
    • Kod kreskowy
    • 2003000075762
    • r
    • Cena
    • 0.00
    • v
    • Data wprowadzenia opisu
    • 2017-03-23
    • y
    • Status udostępniania
    • Tylko na miejscu
952 -Egzemplarz [ , ]
    • a
    • Numer inwentarzowy
    • Pc.250
    • c
    • Sygnatura
    • Pc.172/38
    • d
    • Lokalizacja
    • BM Biblioteka Międzywydziałowa
    • i
    • Nr tomu wydaw.cg
    • Z.38 (1979)
    • p
    • Kod kreskowy
    • 2003900002509
    • r
    • Cena
    • 0.00
    • v
    • Data wprowadzenia opisu
    • 2017-06-14
    • y
    • Status udostępniania
    • Tylko na miejscu
952 -Egzemplarz [ , ]
    • a
    • Numer inwentarzowy
    • W.86629
    • d
    • Lokalizacja
    • BG Dział Udostępniania Biblioteka Główna
    • e
    • Akcesja
    • h
    • Uwagi
    • ubytek
    • p
    • Kod kreskowy
    • 2000100866290
    • r
    • Cena
    • 0.00
    • v
    • Data wprowadzenia opisu
    • 2017-06-14
    • y
    • Status udostępniania
    • Niedostępne
    • g
    • Ubytek
    • 332/2010 - 2010-06-09
952 -Egzemplarz [ , ]
    • a
    • Numer inwentarzowy
    • Cg.7748
    • c
    • Sygnatura
    • Cg.44 (p.202)
    • d
    • Lokalizacja
    • BG Dział Udostępniania Biblioteka Główna
    • i
    • Nr tomu wydaw.cg
    • Z.39 (1980)
    • p
    • Kod kreskowy
    • 2003000077483
    • y
    • Status udostępniania
    • Tylko na miejscu
952 -Egzemplarz [ , ]
    • a
    • Numer inwentarzowy
    • Cg.7796
    • c
    • Sygnatura
    • Cg.44 (p.202)
    • d
    • Lokalizacja
    • BG Dział Udostępniania Biblioteka Główna
    • i
    • Nr tomu wydaw.cg
    • Z.40 (1980)
    • p
    • Kod kreskowy
    • 2003000077964
    • r
    • Cena
    • 0.00
    • v
    • Data wprowadzenia opisu
    • 2017-03-23
    • y
    • Status udostępniania
    • Tylko na miejscu
952 -Egzemplarz [ , ]
    • a
    • Numer inwentarzowy
    • Pc.356
    • c
    • Sygnatura
    • Pc.172/40
    • d
    • Lokalizacja
    • BM Biblioteka Międzywydziałowa
    • i
    • Nr tomu wydaw.cg
    • Z.40 (1980)
    • p
    • Kod kreskowy
    • 2003900003568
    • r
    • Cena
    • 0.00
    • v
    • Data wprowadzenia opisu
    • 2017-06-14
    • y
    • Status udostępniania
    • Tylko na miejscu
952 -Egzemplarz [ , ]
    • a
    • Numer inwentarzowy
    • Cg.23590
    • c
    • Sygnatura
    • Cg.44 (p.202)
    • d
    • Lokalizacja
    • BG Dział Udostępniania Biblioteka Główna
    • i
    • Nr tomu wydaw.cg
    • Z.41 (1980)
    • p
    • Kod kreskowy
    • 2003000235906
    • r
    • Cena
    • 0.00
    • v
    • Data wprowadzenia opisu
    • 2017-03-23
    • y
    • Status udostępniania
    • Tylko na miejscu
952 -Egzemplarz [ , ]
    • a
    • Numer inwentarzowy
    • Cg.10186
    • c
    • Sygnatura
    • Cg.44 (p.202)
    • d
    • Lokalizacja
    • BG Dział Udostępniania Biblioteka Główna
    • i
    • Nr tomu wydaw.cg
    • Z.42 (1981)
    • p
    • Kod kreskowy
    • 2003000101867
    • y
    • Status udostępniania
    • Tylko na miejscu
952 -Egzemplarz [ , ]
    • a
    • Numer inwentarzowy
    • Cg.11078
    • c
    • Sygnatura
    • Cg.44 (p.202)
    • d
    • Lokalizacja
    • BG Dział Udostępniania Biblioteka Główna
    • i
    • Nr tomu wydaw.cg
    • Z.43 (1982)
    • p
    • Kod kreskowy
    • 2003000110784
    • y
    • Status udostępniania
    • Tylko na miejscu
952 -Egzemplarz [ , ]
    • a
    • Numer inwentarzowy
    • Cg.11080
    • c
    • Sygnatura
    • Cg.44 (p.202)
    • d
    • Lokalizacja
    • BG Dział Udostępniania Biblioteka Główna
    • e
    • Akcesja
    • 98d464/24
    • i
    • Nr tomu wydaw.cg
    • Z.44 (1982)
    • n
    • Powiązanie z serią
    • 4
    • p
    • Kod kreskowy
    • 2003000110807
    • r
    • Cena
    • 2.0
    • w
    • Data inwentaryzacji
    • 1997-09-24
    • y
    • Status udostępniania
    • Tylko na miejscu
    • z
    • Sposób nabycia
    • dary zwarte
952 -Egzemplarz [ , ]
    • a
    • Numer inwentarzowy
    • Pc.4506
    • c
    • Sygnatura
    • Pc.172/44
    • d
    • Lokalizacja
    • BM Biblioteka Międzywydziałowa
    • e
    • Akcesja
    • 98d464/24
    • i
    • Nr tomu wydaw.cg
    • Z.44 (1982)
    • n
    • Powiązanie z serią
    • 25
    • p
    • Kod kreskowy
    • 2003900045063
    • r
    • Cena
    • 2.0
    • w
    • Data inwentaryzacji
    • 1997-12-16
    • y
    • Status udostępniania
    • Tylko na miejscu
    • z
    • Sposób nabycia
    • dary zwarte
952 -Egzemplarz [ , ]
    • a
    • Numer inwentarzowy
    • Cg.11155
    • c
    • Sygnatura
    • Cg.44 (p.202)
    • d
    • Lokalizacja
    • BG Dział Udostępniania Biblioteka Główna
    • i
    • Nr tomu wydaw.cg
    • Z.45 (1982)
    • p
    • Kod kreskowy
    • 2003000111552
    • r
    • Cena
    • 0.00
    • v
    • Data wprowadzenia opisu
    • 2017-03-23
    • y
    • Status udostępniania
    • Tylko na miejscu
952 -Egzemplarz [ , ]
    • a
    • Numer inwentarzowy
    • Pc.453
    • c
    • Sygnatura
    • Pc.172/45
    • d
    • Lokalizacja
    • BM Biblioteka Międzywydziałowa
    • i
    • Nr tomu wydaw.cg
    • Z.45 (1982)
    • p
    • Kod kreskowy
    • 2003900004534
    • r
    • Cena
    • 0.00
    • v
    • Data wprowadzenia opisu
    • 2017-08-16
    • y
    • Status udostępniania
    • Tylko na miejscu
952 -Egzemplarz [ , ]
    • a
    • Numer inwentarzowy
    • W.105241
    • d
    • Lokalizacja
    • BG Dział Udostępniania Biblioteka Główna
    • e
    • Akcesja
    • h
    • Uwagi
    • ubytek
    • p
    • Kod kreskowy
    • 2000101052418
    • r
    • Cena
    • 0.00
    • v
    • Data wprowadzenia opisu
    • 2017-08-16
    • y
    • Status udostępniania
    • Zaginiona
    • g
    • Ubytek
    • 332/2010 - 2010-06-09
952 -Egzemplarz [ , ]
    • a
    • Numer inwentarzowy
    • W.106083
    • d
    • Lokalizacja
    • BG Dział Udostępniania Biblioteka Główna
    • i
    • Nr tomu wydaw.cg
    • Z.46 (1982)
    • p
    • Kod kreskowy
    • 2000101060833
    • r
    • Cena
    • 0.00
    • y
    • Status udostępniania
    • miesięczne
952 -Egzemplarz [ , ]
    • a
    • Numer inwentarzowy
    • Cg.11249
    • c
    • Sygnatura
    • Cg.44 (p.202)
    • d
    • Lokalizacja
    • BG Dział Udostępniania Biblioteka Główna
    • i
    • Nr tomu wydaw.cg
    • Z.46 (1982)
    • p
    • Kod kreskowy
    • 2003000112498
    • r
    • Cena
    • 0.00
    • v
    • Data wprowadzenia opisu
    • 2016-11-10
    • y
    • Status udostępniania
    • Tylko na miejscu
952 -Egzemplarz [ , ]
    • a
    • Numer inwentarzowy
    • W.110722
    • d
    • Lokalizacja
    • BG Dział Udostępniania Biblioteka Główna
    • e
    • Akcesja
    • 98d464/23
    • i
    • Nr tomu wydaw.cg
    • Z.47 (1983)
    • n
    • Powiązanie z serią
    • 31
    • p
    • Kod kreskowy
    • 2000101107224
    • r
    • Cena
    • 2.0
    • w
    • Data inwentaryzacji
    • 1997-09-24
    • y
    • Status udostępniania
    • miesięczne
    • z
    • Sposób nabycia
    • dary zwarte
952 -Egzemplarz [ , ]
    • a
    • Numer inwentarzowy
    • Cg.12367
    • c
    • Sygnatura
    • Cg.44 (p.202)
    • d
    • Lokalizacja
    • BG Dział Udostępniania Biblioteka Główna
    • e
    • Akcesja
    • 98d464/23
    • i
    • Nr tomu wydaw.cg
    • Z.47 (1983)
    • n
    • Powiązanie z serią
    • 5
    • p
    • Kod kreskowy
    • 2003000123678
    • r
    • Cena
    • 2.0
    • w
    • Data inwentaryzacji
    • 1997-09-24
    • y
    • Status udostępniania
    • Tylko na miejscu
    • z
    • Sposób nabycia
    • dary zwarte
952 -Egzemplarz [ , ]
    • a
    • Numer inwentarzowy
    • Pc.584
    • c
    • Sygnatura
    • Pc.172/47
    • d
    • Lokalizacja
    • BM Biblioteka Międzywydziałowa
    • e
    • Akcesja
    • 98d464/23
    • i
    • Nr tomu wydaw.cg
    • Z.47 (1983)
    • n
    • Powiązanie z serią
    • 26
    • p
    • Kod kreskowy
    • 2003900005845
    • r
    • Cena
    • 2.0
    • w
    • Data inwentaryzacji
    • 1997-09-24
    • y
    • Status udostępniania
    • Tylko na miejscu
    • z
    • Sposób nabycia
    • dary zwarte
952 -Egzemplarz [ , ]
    • n
    • Powiązanie z serią
    • 27
    • c
    • Sygnatura
    • Pc.172/47
    • r
    • Cena
    • 2.0
    • e
    • Akcesja
    • 98d464/23
    • f
    • Status książki wypożyczonej
    • Pc
    • i
    • Nr tomu wydaw.cg
    • Z.47
    • a
    • Numer inwentarzowy
    • Pc.4507
    • w
    • Data inwentaryzacji
    • 1997-12-16
    • y
    • Status udostępniania
    • Niedostępne
    • z
    • Sposób nabycia
    • dary zwarte
    • p
    • Kod kreskowy
    • 2003900045070
    • d
    • Lokalizacja
    • BM Biblioteka Międzywydziałowa
    • g
    • Ubytek
    • 2/2019 - 2019-05-07
952 -Egzemplarz [ , ]
    • a
    • Numer inwentarzowy
    • Cg.12940
    • c
    • Sygnatura
    • Cg.44 (p.202)
    • d
    • Lokalizacja
    • BG Dział Udostępniania Biblioteka Główna
    • e
    • Akcesja
    • 00
    • i
    • Nr tomu wydaw.cg
    • Z.48 (1983)
    • p
    • Kod kreskowy
    • 2003000129403
    • r
    • Cena
    • 0.00
    • v
    • Data wprowadzenia opisu
    • 2011-06-07
    • y
    • Status udostępniania
    • Tylko na miejscu
952 -Egzemplarz [ , ]
    • a
    • Numer inwentarzowy
    • W.113560
    • c
    • Sygnatura
    • W.6294
    • d
    • Lokalizacja
    • BG Dział Udostępniania Biblioteka Główna
    • e
    • Akcesja
    • 00
    • h
    • Uwagi
    • ubytek, przepisany
    • p
    • Kod kreskowy
    • 2000101135609
    • r
    • Cena
    • 0.00
    • v
    • Data wprowadzenia opisu
    • 2011-06-07
    • w
    • Data inwentaryzacji
    • y
    • Status udostępniania
    • Niedostępne
    • g
    • Ubytek
    • 335/2010 - 2010-06-11
952 -Egzemplarz [ , ]
    • a
    • Numer inwentarzowy
    • Pc.6413
    • c
    • Sygnatura
    • Pc.172/48
    • d
    • Lokalizacja
    • BM Biblioteka Międzywydziałowa
    • e
    • Akcesja
    • 10i7/23
    • i
    • Nr tomu wydaw.cg
    • Z.48 (1983)
    • p
    • Kod kreskowy
    • 2003900064132
    • r
    • Cena
    • 8.00
    • v
    • Data wprowadzenia opisu
    • 2010-06-21
    • w
    • Data inwentaryzacji
    • 2011-06-07
    • y
    • Status udostępniania
    • Tylko na miejscu
952 -Egzemplarz [ , ]
    • a
    • Numer inwentarzowy
    • Cg.14130
    • c
    • Sygnatura
    • Cg.44 (p.202)
    • d
    • Lokalizacja
    • BG Dział Udostępniania Biblioteka Główna
    • i
    • Nr tomu wydaw.cg
    • Z.49 (1984)
    • p
    • Kod kreskowy
    • 2003000141306
    • r
    • Cena
    • 0.00
    • v
    • Data wprowadzenia opisu
    • 2017-03-23
    • y
    • Status udostępniania
    • Tylko na miejscu
952 -Egzemplarz [ , ]
    • a
    • Numer inwentarzowy
    • Pc.669
    • c
    • Sygnatura
    • Pc.172/49
    • d
    • Lokalizacja
    • BM Biblioteka Międzywydziałowa
    • i
    • Nr tomu wydaw.cg
    • Z.49 (1984)
    • p
    • Kod kreskowy
    • 2003900006699
    • r
    • Cena
    • 0.00
    • v
    • Data wprowadzenia opisu
    • 2017-06-14
    • y
    • Status udostępniania
    • Tylko na miejscu
952 -Egzemplarz [ , ]
    • a
    • Numer inwentarzowy
    • W.119941
    • c
    • Sygnatura
    • W.6294
    • e
    • Akcesja
    • p
    • Kod kreskowy
    • 2000101199410
    • r
    • Cena
    • 0.00
    • v
    • Data wprowadzenia opisu
    • 2017-06-14
    • y
    • Status udostępniania
    • miesięczne
    • g
    • Ubytek
    • 340/2011 - 2011-02-17
952 -Egzemplarz [ , ]
    • a
    • Numer inwentarzowy
    • W.119940
    • c
    • Sygnatura
    • W.6294
    • p
    • Kod kreskowy
    • 2000101199403
    • r
    • Cena
    • 0.00
    • v
    • Data wprowadzenia opisu
    • 2017-06-14
    • y
    • Status udostępniania
    • miesięczne
    • g
    • Ubytek
    • 332/2010 - 2010-06-09
952 -Egzemplarz [ , ]
    • a
    • Numer inwentarzowy
    • Rc.266
    • d
    • Lokalizacja
    • BM Biblioteka Międzywydziałowa
    • g
    • Ubytek
    • 3/2019 - 2019-05-06
    • p
    • Kod kreskowy
    • 2004100002665
    • r
    • Cena
    • 0.00
    • v
    • Data wprowadzenia opisu
    • 2017-06-14
    • y
    • Status udostępniania
    • Niedostępne
952 -Egzemplarz [ , ]
    • a
    • Numer inwentarzowy
    • Cg.14241
    • c
    • Sygnatura
    • Cg.44 (p.202)
    • d
    • Lokalizacja
    • BG Dział Udostępniania Biblioteka Główna
    • i
    • Nr tomu wydaw.cg
    • Z.50 (1984)
    • p
    • Kod kreskowy
    • 2003000142419
    • y
    • Status udostępniania
    • Tylko na miejscu
952 -Egzemplarz [ , ]
    • a
    • Numer inwentarzowy
    • Cg.12256
    • c
    • Sygnatura
    • Cg.44 (p.202)
    • d
    • Lokalizacja
    • BG Dział Udostępniania Biblioteka Główna
    • i
    • Nr tomu wydaw.cg
    • Z.52 (1982)
    • p
    • Kod kreskowy
    • 2003000122565
    • r
    • Cena
    • 0.00
    • v
    • Data wprowadzenia opisu
    • 2017-03-23
    • y
    • Status udostępniania
    • Tylko na miejscu
952 -Egzemplarz [ , ]
    • a
    • Numer inwentarzowy
    • Pc.482
    • c
    • Sygnatura
    • Pc.172/52
    • d
    • Lokalizacja
    • BM Biblioteka Międzywydziałowa
    • i
    • Nr tomu wydaw.cg
    • Z.52 (1982)
    • p
    • Kod kreskowy
    • 2003900004824
    • r
    • Cena
    • 0.00
    • v
    • Data wprowadzenia opisu
    • 2017-06-14
    • y
    • Status udostępniania
    • Tylko na miejscu
952 -Egzemplarz [ , ]
    • a
    • Numer inwentarzowy
    • Cg.15265
    • c
    • Sygnatura
    • Cg.44 (p.202)
    • d
    • Lokalizacja
    • BG Dział Udostępniania Biblioteka Główna
    • i
    • Nr tomu wydaw.cg
    • Z.53 (1984)
    • p
    • Kod kreskowy
    • 2003000152654
    • y
    • Status udostępniania
    • Tylko na miejscu
952 -Egzemplarz [ , ]
    • a
    • Numer inwentarzowy
    • Cg.16413
    • c
    • Sygnatura
    • Cg.44 (p.202)
    • d
    • Lokalizacja
    • BG Dział Udostępniania Biblioteka Główna
    • i
    • Nr tomu wydaw.cg
    • Z.54 (1986)
    • p
    • Kod kreskowy
    • 2003000164138
    • y
    • Status udostępniania
    • Tylko na miejscu
952 -Egzemplarz [ , ]
    • a
    • Numer inwentarzowy
    • Cg.16797
    • c
    • Sygnatura
    • Cg.44 (p.202)
    • d
    • Lokalizacja
    • BG Dział Udostępniania Biblioteka Główna
    • i
    • Nr tomu wydaw.cg
    • Z.55 (1986)
    • p
    • Kod kreskowy
    • 2003000167979
    • r
    • Cena
    • 0.00
    • v
    • Data wprowadzenia opisu
    • 2017-03-23
    • y
    • Status udostępniania
    • krótkoterminowe
952 -Egzemplarz [ , ]
    • a
    • Numer inwentarzowy
    • Pc.807
    • c
    • Sygnatura
    • Pc.172/55
    • d
    • Lokalizacja
    • BM Biblioteka Międzywydziałowa
    • i
    • Nr tomu wydaw.cg
    • Z.55 (1986)
    • p
    • Kod kreskowy
    • 2003900008075
    • r
    • Cena
    • 0.00
    • v
    • Data wprowadzenia opisu
    • 2017-06-14
    • y
    • Status udostępniania
    • Tylko na miejscu
952 -Egzemplarz [ , ]
    • a
    • Numer inwentarzowy
    • W.137978
    • d
    • Lokalizacja
    • BG Dział Udostępniania Biblioteka Główna
    • e
    • Akcesja
    • h
    • Uwagi
    • ubytek
    • p
    • Kod kreskowy
    • 2000101379782
    • r
    • Cena
    • 0.00
    • v
    • Data wprowadzenia opisu
    • 2017-06-14
    • y
    • Status udostępniania
    • Zaginiona
    • g
    • Ubytek
    • 340/2011 - 2011-02-17
952 -Egzemplarz [ , ]
    • a
    • Numer inwentarzowy
    • W.137979
    • d
    • Lokalizacja
    • BG Dział Udostępniania Biblioteka Główna
    • e
    • Akcesja
    • h
    • Uwagi
    • ubytek
    • p
    • Kod kreskowy
    • 2000101379799
    • r
    • Cena
    • 0.00
    • v
    • Data wprowadzenia opisu
    • 2017-06-14
    • y
    • Status udostępniania
    • Zaginiona
    • g
    • Ubytek
    • 332/2010 - 2010-06-09
952 -Egzemplarz [ , ]
    • a
    • Numer inwentarzowy
    • Cg.16195
    • c
    • Sygnatura
    • Cg.44 (p.202)
    • d
    • Lokalizacja
    • BG Dział Udostępniania Biblioteka Główna
    • i
    • Nr tomu wydaw.cg
    • Z.56 (1985)
    • p
    • Kod kreskowy
    • 2003000161953
    • r
    • Cena
    • 0.00
    • v
    • Data wprowadzenia opisu
    • 2017-03-23
    • y
    • Status udostępniania
    • Tylko na miejscu
952 -Egzemplarz [ , ]
    • a
    • Numer inwentarzowy
    • Pc.755
    • c
    • Sygnatura
    • Pc.172/56
    • d
    • Lokalizacja
    • BM Biblioteka Międzywydziałowa
    • i
    • Nr tomu wydaw.cg
    • Z.56 (1985)
    • p
    • Kod kreskowy
    • 2003900007559
    • r
    • Cena
    • 0.00
    • v
    • Data wprowadzenia opisu
    • 2017-06-14
    • y
    • Status udostępniania
    • Tylko na miejscu
952 -Egzemplarz [ , ]
    • a
    • Numer inwentarzowy
    • Cg.16196
    • c
    • Sygnatura
    • Cg.44 (p.202)
    • d
    • Lokalizacja
    • BG Dział Udostępniania Biblioteka Główna
    • i
    • Nr tomu wydaw.cg
    • Z.57 (1985)
    • p
    • Kod kreskowy
    • 2003000161960
    • y
    • Status udostępniania
    • Tylko na miejscu
952 -Egzemplarz [ , ]
    • a
    • Numer inwentarzowy
    • Cg.16412
    • c
    • Sygnatura
    • Cg.44 (p.202)
    • d
    • Lokalizacja
    • BG Dział Udostępniania Biblioteka Główna
    • i
    • Nr tomu wydaw.cg
    • Z.58 (1985)
    • p
    • Kod kreskowy
    • 2003000164121
    • r
    • Cena
    • 0.00
    • v
    • Data wprowadzenia opisu
    • 2017-03-23
    • y
    • Status udostępniania
    • Tylko na miejscu
952 -Egzemplarz [ , ]
    • a
    • Numer inwentarzowy
    • Cg.16197
    • c
    • Sygnatura
    • Cg.44 (p.202)
    • d
    • Lokalizacja
    • BG Dział Udostępniania Biblioteka Główna
    • i
    • Nr tomu wydaw.cg
    • Z.59 (1985)
    • p
    • Kod kreskowy
    • 2003000161977
    • r
    • Cena
    • 0.00
    • v
    • Data wprowadzenia opisu
    • 2017-03-23
    • y
    • Status udostępniania
    • Tylko na miejscu
952 -Egzemplarz [ , ]
    • a
    • Numer inwentarzowy
    • Pc.754
    • c
    • Sygnatura
    • Pc.172/59
    • d
    • Lokalizacja
    • BM Biblioteka Międzywydziałowa
    • i
    • Nr tomu wydaw.cg
    • Z.59 (1985)
    • p
    • Kod kreskowy
    • 2003900007542
    • r
    • Cena
    • 0.00
    • v
    • Data wprowadzenia opisu
    • 2017-06-14
    • y
    • Status udostępniania
    • Tylko na miejscu
952 -Egzemplarz [ , ]
    • a
    • Numer inwentarzowy
    • W.136749
    • d
    • Lokalizacja
    • BG Dział Udostępniania Biblioteka Główna
    • e
    • Akcesja
    • h
    • Uwagi
    • ubytek
    • p
    • Kod kreskowy
    • 2000101367499
    • r
    • Cena
    • 0.00
    • v
    • Data wprowadzenia opisu
    • 2017-06-14
    • y
    • Status udostępniania
    • Zaginiona
    • g
    • Ubytek
    • 332/2010 - 2010-06-09
952 -Egzemplarz [ , ]
    • a
    • Numer inwentarzowy
    • Cg.16666
    • c
    • Sygnatura
    • Cg.44 (p.202)
    • d
    • Lokalizacja
    • BG Dział Udostępniania Biblioteka Główna
    • i
    • Nr tomu wydaw.cg
    • Z.60 cz.2 (1986)
    • p
    • Kod kreskowy
    • 2003000166668
    • r
    • Cena
    • 0.00
    • v
    • Data wprowadzenia opisu
    • 2017-03-23
    • y
    • Status udostępniania
    • Tylko na miejscu
952 -Egzemplarz [ , ]
    • a
    • Numer inwentarzowy
    • Pc.803
    • c
    • Sygnatura
    • Pc.172/60
    • d
    • Lokalizacja
    • BM Biblioteka Międzywydziałowa
    • i
    • Nr tomu wydaw.cg
    • Z.60 cz.2 (1986)
    • p
    • Kod kreskowy
    • 2003900008037
    • r
    • Cena
    • 0.00
    • v
    • Data wprowadzenia opisu
    • 2017-06-14
    • y
    • Status udostępniania
    • Tylko na miejscu
952 -Egzemplarz [ , ]
    • a
    • Numer inwentarzowy
    • W.134704
    • d
    • Lokalizacja
    • BG Dział Udostępniania Biblioteka Główna
    • e
    • Akcesja
    • h
    • Uwagi
    • ubytek
    • p
    • Kod kreskowy
    • 2000101347040
    • r
    • Cena
    • 0.00
    • v
    • Data wprowadzenia opisu
    • 2017-06-14
    • y
    • Status udostępniania
    • Zaginiona
    • g
    • Ubytek
    • 332/2010 - 2010-06-09
952 -Egzemplarz [ , ]
    • a
    • Numer inwentarzowy
    • W.134705
    • d
    • Lokalizacja
    • BG Dział Udostępniania Biblioteka Główna
    • e
    • Akcesja
    • h
    • Uwagi
    • ubytek
    • p
    • Kod kreskowy
    • 2000101347057
    • r
    • Cena
    • 0.00
    • v
    • Data wprowadzenia opisu
    • 2017-06-14
    • y
    • Status udostępniania
    • Zaginiona
    • g
    • Ubytek
    • 340/2011 - 2011-02-17
952 -Egzemplarz [ , ]
    • a
    • Numer inwentarzowy
    • Rc.299
    • d
    • Lokalizacja
    • BM Biblioteka Międzywydziałowa
    • g
    • Ubytek
    • 3/2019 - 2019-05-06
    • p
    • Kod kreskowy
    • 2004100002993
    • r
    • Cena
    • 0.00
    • v
    • Data wprowadzenia opisu
    • 2017-06-14
    • y
    • Status udostępniania
    • Niedostępne
952 -Egzemplarz [ , ]
    • a
    • Numer inwentarzowy
    • Pc.874
    • c
    • Sygnatura
    • Pc.172/61
    • d
    • Lokalizacja
    • BM Biblioteka Międzywydziałowa
    • i
    • Nr tomu wydaw.cg
    • Z.61 (1987)
    • p
    • Kod kreskowy
    • 2003900008747
    • r
    • Cena
    • 0.00
    • v
    • Data wprowadzenia opisu
    • 2018-04-11
    • y
    • Status udostępniania
    • Tylko na miejscu
952 -Egzemplarz [ , ]
    • a
    • Numer inwentarzowy
    • Cg.18000
    • c
    • Sygnatura
    • Cg.44 (p.202)
    • d
    • Lokalizacja
    • BG Dział Udostępniania Biblioteka Główna
    • i
    • Nr tomu wydaw.cg
    • Z.62 (1987)
    • p
    • Kod kreskowy
    • 2003000180008
    • y
    • Status udostępniania
    • Tylko na miejscu
952 -Egzemplarz [ , ]
    • a
    • Numer inwentarzowy
    • Cg.18351
    • c
    • Sygnatura
    • Cg.44 (p.202)
    • d
    • Lokalizacja
    • BG Dział Udostępniania Biblioteka Główna
    • i
    • Nr tomu wydaw.cg
    • Z.63 t.1 (1987)
    • p
    • Kod kreskowy
    • 2003000183511
    • r
    • Cena
    • 0.00
    • v
    • Data wprowadzenia opisu
    • 2017-03-23
    • y
    • Status udostępniania
    • Tylko na miejscu
952 -Egzemplarz [ , ]
    • a
    • Numer inwentarzowy
    • Pc.1057
    • c
    • Sygnatura
    • Pc.172/63
    • d
    • Lokalizacja
    • BM Biblioteka Międzywydziałowa
    • i
    • Nr tomu wydaw.cg
    • Z.63 t.1 (1987)
    • p
    • Kod kreskowy
    • 2003900010573
    • r
    • Cena
    • 0.00
    • v
    • Data wprowadzenia opisu
    • 2017-06-14
    • y
    • Status udostępniania
    • Tylko na miejscu
952 -Egzemplarz [ , ]
    • a
    • Numer inwentarzowy
    • W.145486
    • c
    • Sygnatura
    • W.6294
    • d
    • Lokalizacja
    • BG Dział Udostępniania Biblioteka Główna
    • e
    • Akcesja
    • 00
    • h
    • Uwagi
    • ubytek, przepisany
    • p
    • Kod kreskowy
    • 2000101454861
    • r
    • Cena
    • 0.00
    • v
    • Data wprowadzenia opisu
    • 2011-06-09
    • w
    • Data inwentaryzacji
    • y
    • Status udostępniania
    • Niedostępne
    • g
    • Ubytek
    • 338/2010 - 2010-06-11
952 -Egzemplarz [ , ]
    • a
    • Numer inwentarzowy
    • W.145487
    • c
    • Sygnatura
    • W.6294
    • d
    • Lokalizacja
    • BG Dział Udostępniania Biblioteka Główna
    • e
    • Akcesja
    • 00
    • h
    • Uwagi
    • przepisany
    • p
    • Kod kreskowy
    • 2000101454878
    • r
    • Cena
    • 0.00
    • v
    • Data wprowadzenia opisu
    • 2011-06-09
    • w
    • Data inwentaryzacji
    • y
    • Status udostępniania
    • Niedostępne
    • g
    • Ubytek
    • 332/2010 - 2010-06-09
952 -Egzemplarz [ , ]
    • a
    • Numer inwentarzowy
    • Ac.499
    • c
    • Sygnatura
    • Pc.172/64
    • d
    • Lokalizacja
    • BM Biblioteka Międzywydziałowa
    • e
    • Akcesja
    • 10i8/10
    • g
    • Ubytek
    • 2/2019 - 2019-04-29
    • p
    • Kod kreskowy
    • 2002700004997
    • r
    • Cena
    • 5.00
    • v
    • Data wprowadzenia opisu
    • 2010-06-22
    • w
    • Data inwentaryzacji
    • 2011-06-09
    • y
    • Status udostępniania
    • Niedostępne
    • z
    • Sposób nabycia
    • inne zwarte
952 -Egzemplarz [ , ]
    • a
    • Numer inwentarzowy
    • Cg.18350
    • c
    • Sygnatura
    • Cg.44 (p.202)
    • d
    • Lokalizacja
    • BG Dział Udostępniania Biblioteka Główna
    • i
    • Nr tomu wydaw.cg
    • Z.65 (1987)
    • p
    • Kod kreskowy
    • 2003000183504
    • r
    • Cena
    • 0.00
    • v
    • Data wprowadzenia opisu
    • 2017-03-23
    • y
    • Status udostępniania
    • Tylko na miejscu
952 -Egzemplarz [ , ]
    • a
    • Numer inwentarzowy
    • Pc.1056
    • c
    • Sygnatura
    • Pc.172/65
    • d
    • Lokalizacja
    • BM Biblioteka Międzywydziałowa
    • i
    • Nr tomu wydaw.cg
    • Z.65 (1987)
    • p
    • Kod kreskowy
    • 2003900010566
    • r
    • Cena
    • 0.00
    • v
    • Data wprowadzenia opisu
    • 2017-06-14
    • y
    • Status udostępniania
    • Tylko na miejscu
952 -Egzemplarz [ , ]
    • a
    • Numer inwentarzowy
    • Cg.19252
    • c
    • Sygnatura
    • Cg.44 (p.202)
    • d
    • Lokalizacja
    • BG Dział Udostępniania Biblioteka Główna
    • i
    • Nr tomu wydaw.cg
    • Z.66 t.2 (1988)
    • p
    • Kod kreskowy
    • 2003000192520
    • r
    • Cena
    • 0.00
    • v
    • Data wprowadzenia opisu
    • 2017-03-23
    • y
    • Status udostępniania
    • Tylko na miejscu
952 -Egzemplarz [ , ]
    • a
    • Numer inwentarzowy
    • Pc.1238
    • c
    • Sygnatura
    • Pc.172/66
    • d
    • Lokalizacja
    • BM Biblioteka Międzywydziałowa
    • i
    • Nr tomu wydaw.cg
    • Z.66 t.2 (1988)
    • p
    • Kod kreskowy
    • 2003900012386
    • r
    • Cena
    • 0.00
    • v
    • Data wprowadzenia opisu
    • 2017-06-14
    • y
    • Status udostępniania
    • Tylko na miejscu
952 -Egzemplarz [ , ]
    • a
    • Numer inwentarzowy
    • Cg.17999
    • c
    • Sygnatura
    • Cg.44 (p.202)
    • d
    • Lokalizacja
    • BG Dział Udostępniania Biblioteka Główna
    • i
    • Nr tomu wydaw.cg
    • Z.61 (1987)
    • p
    • Kod kreskowy
    • 2003000179996
    • r
    • Cena
    • 0.00
    • v
    • Data wprowadzenia opisu
    • 2017-03-23
    • y
    • Status udostępniania
    • Tylko na miejscu
952 -Egzemplarz [ , ]
    • a
    • Numer inwentarzowy
    • Cg.16697
    • c
    • Sygnatura
    • Cg.44 (p.202)
    • d
    • Lokalizacja
    • BG Dział Udostępniania Biblioteka Główna
    • e
    • Akcesja
    • 00
    • i
    • Nr tomu wydaw.cg
    • Z.64 (1986)
    • p
    • Kod kreskowy
    • 2003000166972
    • r
    • Cena
    • 0.00
    • v
    • Data wprowadzenia opisu
    • 2011-06-09
    • y
    • Status udostępniania
    • Tylko na miejscu
952 -Egzemplarz [ , ]
    • a
    • Numer inwentarzowy
    • Pc.782
    • c
    • Sygnatura
    • Pc.172/64
    • d
    • Lokalizacja
    • BM Biblioteka Międzywydziałowa
    • e
    • Akcesja
    • 00
    • i
    • Nr tomu wydaw.cg
    • Z.64 (1986)
    • p
    • Kod kreskowy
    • 2003900007825
    • r
    • Cena
    • 0.00
    • v
    • Data wprowadzenia opisu
    • 2011-06-09
    • y
    • Status udostępniania
    • Tylko na miejscu
952 -Egzemplarz [ , ]
    • a
    • Numer inwentarzowy
    • Cg.18940
    • c
    • Sygnatura
    • Cg.44 (p.202)
    • d
    • Lokalizacja
    • BG Dział Udostępniania Biblioteka Główna
    • i
    • Nr tomu wydaw.cg
    • Z.67 (1987)
    • p
    • Kod kreskowy
    • 2003000189407
    • y
    • Status udostępniania
    • Tylko na miejscu
952 -Egzemplarz [ , ]
    • a
    • Numer inwentarzowy
    • Cg.19801
    • c
    • Sygnatura
    • Cg.44 (p.202)
    • d
    • Lokalizacja
    • BG Dział Udostępniania Biblioteka Główna
    • i
    • Nr tomu wydaw.cg
    • Z.68 (1988)
    • n
    • Powiązanie z serią
    • 6
    • p
    • Kod kreskowy
    • 2003000198010
    • r
    • Cena
    • 0.0
    • w
    • Data inwentaryzacji
    • 2000-09-15
    • y
    • Status udostępniania
    • Tylko na miejscu
952 -Egzemplarz [ , ]
    • a
    • Numer inwentarzowy
    • Pc.1773
    • c
    • Sygnatura
    • Pc.172/68
    • d
    • Lokalizacja
    • BM Biblioteka Międzywydziałowa
    • i
    • Nr tomu wydaw.cg
    • Z.68 (1988)
    • n
    • Powiązanie z serią
    • 28
    • p
    • Kod kreskowy
    • 2003900017732
    • r
    • Cena
    • 0.0
    • w
    • Data inwentaryzacji
    • 2000-09-15
    • y
    • Status udostępniania
    • Tylko na miejscu
952 -Egzemplarz [ , ]
    • a
    • Numer inwentarzowy
    • W.155613
    • d
    • Lokalizacja
    • BG Dział Udostępniania Biblioteka Główna
    • e
    • Akcesja
    • n
    • Powiązanie z serią
    • 32
    • p
    • Kod kreskowy
    • 2000101556138
    • r
    • Cena
    • 0.0
    • v
    • Data wprowadzenia opisu
    • w
    • Data inwentaryzacji
    • 2000-09-15
    • y
    • Status udostępniania
    • Niedostępne
    • g
    • Ubytek
    • 332/2010 - 2010-06-09
952 -Egzemplarz [ , ]
    • a
    • Numer inwentarzowy
    • Cg.22928
    • c
    • Sygnatura
    • Cg.44 (p.202)
    • d
    • Lokalizacja
    • BG Dział Udostępniania Biblioteka Główna
    • i
    • Nr tomu wydaw.cg
    • Z.69 (1990)
    • p
    • Kod kreskowy
    • 2003000229288
    • y
    • Status udostępniania
    • Tylko na miejscu
952 -Egzemplarz [ , ]
    • a
    • Numer inwentarzowy
    • Cg.20402
    • c
    • Sygnatura
    • Cg.44 (p.202)
    • d
    • Lokalizacja
    • BG Dział Udostępniania Biblioteka Główna
    • i
    • Nr tomu wydaw.cg
    • Z.70 (1989)
    • p
    • Kod kreskowy
    • 2003000204025
    • r
    • Cena
    • 0.00
    • v
    • Data wprowadzenia opisu
    • 2017-03-23
    • y
    • Status udostępniania
    • Tylko na miejscu
952 -Egzemplarz [ , ]
    • a
    • Numer inwentarzowy
    • Pc.1774
    • c
    • Sygnatura
    • Pc.172/70
    • d
    • Lokalizacja
    • BM Biblioteka Międzywydziałowa
    • i
    • Nr tomu wydaw.cg
    • Z.70 (1989)
    • p
    • Kod kreskowy
    • 2003900017749
    • r
    • Cena
    • 0.00
    • v
    • Data wprowadzenia opisu
    • 2017-06-14
    • y
    • Status udostępniania
    • Tylko na miejscu
952 -Egzemplarz [ , ]
    • a
    • Numer inwentarzowy
    • W.160932
    • c
    • Sygnatura
    • W.6294
    • d
    • Lokalizacja
    • BG Dział Udostępniania Biblioteka Główna
    • e
    • Akcesja
    • p
    • Kod kreskowy
    • 2000101609322
    • r
    • Cena
    • 0.00
    • v
    • Data wprowadzenia opisu
    • 2017-06-14
    • y
    • Status udostępniania
    • miesięczne
    • g
    • Ubytek
    • 340/2011 - 2011-02-17
952 -Egzemplarz [ , ]
    • a
    • Numer inwentarzowy
    • W.167197
    • d
    • Lokalizacja
    • BG Dział Udostępniania Biblioteka Główna
    • e
    • Akcesja
    • h
    • Uwagi
    • ubytek
    • p
    • Kod kreskowy
    • 2000101671978
    • r
    • Cena
    • 0.00
    • v
    • Data wprowadzenia opisu
    • 2017-06-14
    • y
    • Status udostępniania
    • Zaginiona
    • g
    • Ubytek
    • 340/2011 - 2011-02-17
952 -Egzemplarz [ , ]
    • a
    • Numer inwentarzowy
    • W.167198
    • d
    • Lokalizacja
    • BG Dział Udostępniania Biblioteka Główna
    • e
    • Akcesja
    • h
    • Uwagi
    • ubytek
    • p
    • Kod kreskowy
    • 2000101671985
    • r
    • Cena
    • 0.00
    • v
    • Data wprowadzenia opisu
    • 2017-06-14
    • y
    • Status udostępniania
    • Zaginiona
    • g
    • Ubytek
    • 332/2010 - 2010-06-09
952 -Egzemplarz [ , ]
    • a
    • Numer inwentarzowy
    • Cg.21569
    • c
    • Sygnatura
    • Cg.44 (p.202)
    • d
    • Lokalizacja
    • BG Dział Udostępniania Biblioteka Główna
    • e
    • Akcesja
    • 00
    • i
    • Nr tomu wydaw.cg
    • Z.71 (1989)
    • p
    • Kod kreskowy
    • 2003000215694
    • r
    • Cena
    • 0.00
    • v
    • Data wprowadzenia opisu
    • 2013-07-15
    • y
    • Status udostępniania
    • Tylko na miejscu
952 -Egzemplarz [ , ]
    • a
    • Numer inwentarzowy
    • Pc.1367
    • c
    • Sygnatura
    • Pc.172/71
    • d
    • Lokalizacja
    • BM Biblioteka Międzywydziałowa
    • e
    • Akcesja
    • 00
    • i
    • Nr tomu wydaw.cg
    • Z.71 (1989)
    • p
    • Kod kreskowy
    • 2003900013673
    • r
    • Cena
    • 0.00
    • v
    • Data wprowadzenia opisu
    • 2013-07-15
    • y
    • Status udostępniania
    • Tylko na miejscu
952 -Egzemplarz [ , ]
    • a
    • Numer inwentarzowy
    • Cg.22934
    • c
    • Sygnatura
    • Cg.44 (p.202)
    • d
    • Lokalizacja
    • BG Dział Udostępniania Biblioteka Główna
    • i
    • Nr tomu wydaw.cg
    • Z.72 (1990)
    • p
    • Kod kreskowy
    • 2003000229349
    • r
    • Cena
    • 0.00
    • v
    • Data wprowadzenia opisu
    • 2017-03-23
    • y
    • Status udostępniania
    • Tylko na miejscu
952 -Egzemplarz [ , ]
    • a
    • Numer inwentarzowy
    • Pc.1472
    • c
    • Sygnatura
    • Pc.172/72
    • d
    • Lokalizacja
    • BM Biblioteka Międzywydziałowa
    • i
    • Nr tomu wydaw.cg
    • Z.72 (1990)
    • p
    • Kod kreskowy
    • 2003900014724
    • r
    • Cena
    • 0.00
    • v
    • Data wprowadzenia opisu
    • 2017-06-14
    • y
    • Status udostępniania
    • Tylko na miejscu
952 -Egzemplarz [ , ]
    • a
    • Numer inwentarzowy
    • Cg.21917
    • c
    • Sygnatura
    • Cg.44 (p.202)
    • d
    • Lokalizacja
    • BG Dział Udostępniania Biblioteka Główna
    • i
    • Nr tomu wydaw.cg
    • Z.73 (1990)
    • p
    • Kod kreskowy
    • 2003000219173
    • r
    • Cena
    • 0.00
    • v
    • Data wprowadzenia opisu
    • 2017-03-23
    • y
    • Status udostępniania
    • Tylko na miejscu
952 -Egzemplarz [ , ]
    • a
    • Numer inwentarzowy
    • Gc.334
    • d
    • Lokalizacja
    • Gc Biblioteka Międzywydziałowa
    • e
    • Akcesja
    • p
    • Kod kreskowy
    • 2003400003341
    • r
    • Cena
    • 0.00
    • v
    • Data wprowadzenia opisu
    • 2017-06-14
    • y
    • Status udostępniania
    • Tylko na miejscu
    • g
    • Ubytek
    • 1/2007 - 2007-12-18
952 -Egzemplarz [ , ]
    • a
    • Numer inwentarzowy
    • Cg.21920
    • c
    • Sygnatura
    • Cg.44 (p.202)
    • d
    • Lokalizacja
    • BG Dział Udostępniania Biblioteka Główna
    • i
    • Nr tomu wydaw.cg
    • Z.74 (1990)
    • p
    • Kod kreskowy
    • 2003000219203
    • r
    • Cena
    • 0.00
    • v
    • Data wprowadzenia opisu
    • 2017-03-23
    • y
    • Status udostępniania
    • Tylko na miejscu
952 -Egzemplarz [ , ]
    • a
    • Numer inwentarzowy
    • Pc.1416
    • c
    • Sygnatura
    • Pc.172/74
    • d
    • Lokalizacja
    • BM Biblioteka Międzywydziałowa
    • i
    • Nr tomu wydaw.cg
    • Z.74 (1990)
    • p
    • Kod kreskowy
    • 2003900014168
    • r
    • Cena
    • 0.00
    • v
    • Data wprowadzenia opisu
    • 2017-06-14
    • y
    • Status udostępniania
    • Tylko na miejscu
952 -Egzemplarz [ , ]
    • a
    • Numer inwentarzowy
    • Cg.23181
    • c
    • Sygnatura
    • Cg.44 (p.202)
    • d
    • Lokalizacja
    • BG Dział Udostępniania Biblioteka Główna
    • i
    • Nr tomu wydaw.cg
    • Z.75 (1991)
    • p
    • Kod kreskowy
    • 2003000231816
    • r
    • Cena
    • 0.00
    • v
    • Data wprowadzenia opisu
    • 2017-03-23
    • y
    • Status udostępniania
    • Tylko na miejscu
952 -Egzemplarz [ , ]
    • a
    • Numer inwentarzowy
    • Pc.1537
    • c
    • Sygnatura
    • Pc.172/75
    • d
    • Lokalizacja
    • BM Biblioteka Międzywydziałowa
    • i
    • Nr tomu wydaw.cg
    • Z.75 (1991)
    • p
    • Kod kreskowy
    • 2003900015370
    • r
    • Cena
    • 0.00
    • v
    • Data wprowadzenia opisu
    • 2017-06-14
    • y
    • Status udostępniania
    • Tylko na miejscu
952 -Egzemplarz [ , ]
    • a
    • Numer inwentarzowy
    • Cg.22930
    • c
    • Sygnatura
    • Cg.44 (p.202)
    • d
    • Lokalizacja
    • BG Dział Udostępniania Biblioteka Główna
    • i
    • Nr tomu wydaw.cg
    • Z.76 (1990)
    • p
    • Kod kreskowy
    • 2003000229301
    • r
    • Cena
    • 0.00
    • v
    • Data wprowadzenia opisu
    • 2017-03-23
    • y
    • Status udostępniania
    • Tylko na miejscu
952 -Egzemplarz [ , ]
    • a
    • Numer inwentarzowy
    • Ac.10
    • c
    • Sygnatura
    • Ac.10/76
    • d
    • Lokalizacja
    • BM Biblioteka Międzywydziałowa
    • g
    • Ubytek
    • 2/2019 - 2019-04-29
    • p
    • Kod kreskowy
    • 2002700000104
    • r
    • Cena
    • 0.00
    • v
    • Data wprowadzenia opisu
    • 2017-06-14
    • y
    • Status udostępniania
    • Niedostępne
952 -Egzemplarz [ , ]
    • a
    • Numer inwentarzowy
    • Cg.23824
    • c
    • Sygnatura
    • Cg.44 (p.202)
    • d
    • Lokalizacja
    • BG Dział Udostępniania Biblioteka Główna
    • i
    • Nr tomu wydaw.cg
    • Z.77 (1991)
    • p
    • Kod kreskowy
    • 2003000238242
    • r
    • Cena
    • 0.00
    • v
    • Data wprowadzenia opisu
    • 2017-03-23
    • y
    • Status udostępniania
    • Tylko na miejscu
952 -Egzemplarz [ , ]
    • a
    • Numer inwentarzowy
    • Pc.1613
    • c
    • Sygnatura
    • Pc.172/77
    • d
    • Lokalizacja
    • BM Biblioteka Międzywydziałowa
    • i
    • Nr tomu wydaw.cg
    • Z.77 (1991)
    • p
    • Kod kreskowy
    • 2003900016131
    • r
    • Cena
    • 0.00
    • v
    • Data wprowadzenia opisu
    • 2017-06-14
    • y
    • Status udostępniania
    • Tylko na miejscu
952 -Egzemplarz [ , ]
    • a
    • Numer inwentarzowy
    • Cg.23833
    • c
    • Sygnatura
    • Cg.44 (p.202)
    • d
    • Lokalizacja
    • BG Dział Udostępniania Biblioteka Główna
    • i
    • Nr tomu wydaw.cg
    • Z.78 (1991)
    • p
    • Kod kreskowy
    • 2003000238334
    • r
    • Cena
    • 0.00
    • v
    • Data wprowadzenia opisu
    • 2017-03-23
    • y
    • Status udostępniania
    • Tylko na miejscu
952 -Egzemplarz [ , ]
    • a
    • Numer inwentarzowy
    • Pc.1616
    • c
    • Sygnatura
    • Pc.172/78
    • d
    • Lokalizacja
    • BM Biblioteka Międzywydziałowa
    • i
    • Nr tomu wydaw.cg
    • Z.78 (1991)
    • p
    • Kod kreskowy
    • 2003900016162
    • r
    • Cena
    • 0.00
    • v
    • Data wprowadzenia opisu
    • 2017-09-26
    • y
    • Status udostępniania
    • Tylko na miejscu
952 -Egzemplarz [ , ]
    • a
    • Numer inwentarzowy
    • Cg.23862
    • c
    • Sygnatura
    • Cg.44 (p.202)
    • d
    • Lokalizacja
    • BG Dział Udostępniania Biblioteka Główna
    • i
    • Nr tomu wydaw.cg
    • Z.79 (1992)
    • p
    • Kod kreskowy
    • 2003000238624
    • r
    • Cena
    • 0.00
    • v
    • Data wprowadzenia opisu
    • 2017-03-23
    • y
    • Status udostępniania
    • Tylko na miejscu
952 -Egzemplarz [ , ]
    • a
    • Numer inwentarzowy
    • Pc.1621
    • c
    • Sygnatura
    • Pc.172/79
    • d
    • Lokalizacja
    • BM Biblioteka Międzywydziałowa
    • i
    • Nr tomu wydaw.cg
    • Z.79 (1992)
    • p
    • Kod kreskowy
    • 2003900016216
    • r
    • Cena
    • 0.00
    • v
    • Data wprowadzenia opisu
    • 2017-09-26
    • y
    • Status udostępniania
    • Tylko na miejscu
952 -Egzemplarz [ , ]
    • a
    • Numer inwentarzowy
    • Cg.24259
    • c
    • Sygnatura
    • Cg.44 (p.202)
    • d
    • Lokalizacja
    • BG Dział Udostępniania Biblioteka Główna
    • i
    • Nr tomu wydaw.cg
    • Z.80 (1992)
    • p
    • Kod kreskowy
    • 2003000242591
    • y
    • Status udostępniania
    • Tylko na miejscu
952 -Egzemplarz [ , ]
    • a
    • Numer inwentarzowy
    • Cg.24256
    • c
    • Sygnatura
    • Cg.44 (p.202)
    • d
    • Lokalizacja
    • BG Dział Udostępniania Biblioteka Główna
    • i
    • Nr tomu wydaw.cg
    • Z.81 (1992)
    • p
    • Kod kreskowy
    • 2003000242560
    • r
    • Cena
    • 0.00
    • v
    • Data wprowadzenia opisu
    • 2017-03-23
    • y
    • Status udostępniania
    • Tylko na miejscu
952 -Egzemplarz [ , ]
    • a
    • Numer inwentarzowy
    • Pc.1726
    • c
    • Sygnatura
    • Pc.172/81
    • d
    • Lokalizacja
    • BM Biblioteka Międzywydziałowa
    • i
    • Nr tomu wydaw.cg
    • Z.81 (1992)
    • p
    • Kod kreskowy
    • 2003900017268
    • r
    • Cena
    • 0.00
    • v
    • Data wprowadzenia opisu
    • 2017-09-26
    • y
    • Status udostępniania
    • Tylko na miejscu
952 -Egzemplarz [ , ]
    • a
    • Numer inwentarzowy
    • Cg.24761
    • c
    • Sygnatura
    • Cg.44 (p.202)
    • d
    • Lokalizacja
    • BG Dział Udostępniania Biblioteka Główna
    • i
    • Nr tomu wydaw.cg
    • Z.82 (1993)
    • p
    • Kod kreskowy
    • 2003000247619
    • y
    • Status udostępniania
    • Tylko na miejscu
952 -Egzemplarz [ , ]
    • a
    • Numer inwentarzowy
    • Cg.24762
    • c
    • Sygnatura
    • Cg.44 (p.202)
    • d
    • Lokalizacja
    • BG Dział Udostępniania Biblioteka Główna
    • i
    • Nr tomu wydaw.cg
    • Z.83 (1983)
    • p
    • Kod kreskowy
    • 2003000247626
    • y
    • Status udostępniania
    • Tylko na miejscu
952 -Egzemplarz [ , ]
    • a
    • Numer inwentarzowy
    • Cg.25221
    • c
    • Sygnatura
    • Cg.44 (p.202)
    • d
    • Lokalizacja
    • BG Dział Udostępniania Biblioteka Główna
    • i
    • Nr tomu wydaw.cg
    • Z.84 (1993)
    • p
    • Kod kreskowy
    • 2003000252217
    • y
    • Status udostępniania
    • Tylko na miejscu
952 -Egzemplarz [ , ]
    • a
    • Numer inwentarzowy
    • Cg.24253
    • c
    • Sygnatura
    • Cg.44 (p.202)
    • d
    • Lokalizacja
    • BG Dział Udostępniania Biblioteka Główna
    • i
    • Nr tomu wydaw.cg
    • Z.85 (1993)
    • p
    • Kod kreskowy
    • 2003000242539
    • r
    • Cena
    • 0.00
    • v
    • Data wprowadzenia opisu
    • 2017-03-23
    • y
    • Status udostępniania
    • Tylko na miejscu
952 -Egzemplarz [ , ]
    • a
    • Numer inwentarzowy
    • Pc.1735
    • c
    • Sygnatura
    • Pc.172/85
    • d
    • Lokalizacja
    • BM Biblioteka Międzywydziałowa
    • i
    • Nr tomu wydaw.cg
    • Z.85 (1993)
    • p
    • Kod kreskowy
    • 2003900017350
    • r
    • Cena
    • 0.00
    • v
    • Data wprowadzenia opisu
    • 2017-09-26
    • y
    • Status udostępniania
    • Tylko na miejscu
952 -Egzemplarz [ , ]
    • a
    • Numer inwentarzowy
    • Cg.24755
    • c
    • Sygnatura
    • Cg.44 (p.202)
    • d
    • Lokalizacja
    • BG Dział Udostępniania Biblioteka Główna
    • i
    • Nr tomu wydaw.cg
    • Z.86 (1993)
    • n
    • Powiązanie z serią
    • 8
    • p
    • Kod kreskowy
    • 2003000247558
    • r
    • Cena
    • 0.0
    • w
    • Data inwentaryzacji
    • 2000-09-15
    • y
    • Status udostępniania
    • Tylko na miejscu
952 -Egzemplarz [ , ]
    • a
    • Numer inwentarzowy
    • JOc.52
    • c
    • Sygnatura
    • ANG. Literatura irlandzka 09
    • d
    • Lokalizacja
    • BM Biblioteka Międzywydziałowa
    • e
    • Akcesja
    • 0
    • h
    • Uwagi
    • Syg.Pc.172/86
    • i
    • Nr tomu wydaw.cg
    • Z.86 (1993)
    • n
    • Powiązanie z serią
    • 17
    • p
    • Kod kreskowy
    • 2003800000520
    • r
    • Cena
    • 0.0
    • v
    • Data wprowadzenia opisu
    • 2017-12-18
    • w
    • Data inwentaryzacji
    • 2000-09-15
    • y
    • Status udostępniania
    • Tylko na miejscu
952 -Egzemplarz [ , ]
    • a
    • Numer inwentarzowy
    • Cg.25220
    • c
    • Sygnatura
    • Cg.44 (p.202)
    • d
    • Lokalizacja
    • BG Dział Udostępniania Biblioteka Główna
    • i
    • Nr tomu wydaw.cg
    • Z.87 (1994)
    • p
    • Kod kreskowy
    • 2003000252200
    • r
    • Cena
    • 0.00
    • v
    • Data wprowadzenia opisu
    • 2017-03-23
    • y
    • Status udostępniania
    • Tylko na miejscu
952 -Egzemplarz [ , ]
    • a
    • Numer inwentarzowy
    • Cg.25799
    • c
    • Sygnatura
    • Cg.44 (p.202)
    • d
    • Lokalizacja
    • BG Dział Udostępniania Biblioteka Główna
    • i
    • Nr tomu wydaw.cg
    • Z.88 (1994)
    • p
    • Kod kreskowy
    • 2003000257991
    • y
    • Status udostępniania
    • Tylko na miejscu
952 -Egzemplarz [ , ]
    • a
    • Numer inwentarzowy
    • Cg.25805
    • c
    • Sygnatura
    • Cg.44 (p.202)
    • d
    • Lokalizacja
    • BG Dział Udostępniania Biblioteka Główna
    • e
    • Akcesja
    • 95w249/4
    • i
    • Nr tomu wydaw.cg
    • Z.89 (1994)
    • n
    • Powiązanie z serią
    • 10
    • p
    • Kod kreskowy
    • 2003000258059
    • r
    • Cena
    • 4.0
    • w
    • Data inwentaryzacji
    • 2000-09-15
    • y
    • Status udostępniania
    • Tylko na miejscu
    • z
    • Sposób nabycia
    • wymiana zwarte
952 -Egzemplarz [ , ]
    • a
    • Numer inwentarzowy
    • Cg.26364
    • c
    • Sygnatura
    • Cg.44 (p.202)
    • d
    • Lokalizacja
    • BG Dział Udostępniania Biblioteka Główna
    • i
    • Nr tomu wydaw.cg
    • Z.90 (1995)
    • p
    • Kod kreskowy
    • 2003000263640
    • y
    • Status udostępniania
    • Tylko na miejscu
952 -Egzemplarz [ , ]
    • a
    • Numer inwentarzowy
    • Cg.27046
    • c
    • Sygnatura
    • Cg.44 (p.202)
    • d
    • Lokalizacja
    • BG Dział Udostępniania Biblioteka Główna
    • i
    • Nr tomu wydaw.cg
    • Z.91 (1996)
    • p
    • Kod kreskowy
    • 2003000270464
    • y
    • Status udostępniania
    • Tylko na miejscu
952 -Egzemplarz [ , ]
    • a
    • Numer inwentarzowy
    • Cg.28314
    • c
    • Sygnatura
    • Cg.44 (p.202)
    • d
    • Lokalizacja
    • BG Dział Udostępniania Biblioteka Główna
    • i
    • Nr tomu wydaw.cg
    • Z.92/93 (1998)
    • p
    • Kod kreskowy
    • 2003000283143
    • y
    • Status udostępniania
    • Tylko na miejscu
952 -Egzemplarz [ , ]
    • a
    • Numer inwentarzowy
    • Cg.28784
    • c
    • Sygnatura
    • Cg.44 (p.202)
    • d
    • Lokalizacja
    • BG Dział Udostępniania Biblioteka Główna
    • i
    • Nr tomu wydaw.cg
    • Z.94 (1999)
    • p
    • Kod kreskowy
    • 2003000287844
    • y
    • Status udostępniania
    • Tylko na miejscu
952 -Egzemplarz [ , ]
    • a
    • Numer inwentarzowy
    • Cg.29928
    • c
    • Sygnatura
    • Cg.44 (p.202)
    • d
    • Lokalizacja
    • BG Dział Udostępniania Biblioteka Główna
    • i
    • Nr tomu wydaw.cg
    • Z.95/96 (2001)
    • p
    • Kod kreskowy
    • 2003000299281
    • y
    • Status udostępniania
    • Tylko na miejscu
952 -Egzemplarz [ , ]
    • a
    • Numer inwentarzowy
    • Cg.30947
    • c
    • Sygnatura
    • Cg.44 (p.202)
    • d
    • Lokalizacja
    • BG Dział Udostępniania Biblioteka Główna
    • i
    • Nr tomu wydaw.cg
    • Z.97/98 (2003)
    • p
    • Kod kreskowy
    • 2003000309478
    • y
    • Status udostępniania
    • Tylko na miejscu
952 -Egzemplarz [ , ]
    • a
    • Numer inwentarzowy
    • P.361
    • d
    • Lokalizacja
    • BM Biblioteka Międzywydziałowa
    • g
    • Ubytek
    • 7/2022 - 2022-01-04
    • i
    • Nr tomu wydaw.cg
    • Z.35 (1976)
    • p
    • Kod kreskowy
    • 2001500003612
    • r
    • Cena
    • 34.00
    • v
    • Data wprowadzenia opisu
    • 2026-02-06
    • y
    • Status udostępniania
    • Niedostępne
    • z
    • Sposób nabycia
Uwagi dla czytelnika
Wolter w czasopismach stanisławowskich
Nazewnictwo sowiźrzalskie
Przełom antypozytywistyczny w Polsce w latach 1880-1890
Słowiańskie zainteresowania pisarzy lwowskich w latach 1830-1848
Chorwacki dramat naturalistyczny
Conradian commentaries
Wallace Stevens' concept of poetry and the romantic tradition
W trzydziestolecie śmierci Aleksandra Brücknera
W trzydziestolecie śmierci Aleksandra Brücknera
"Literatura polska" Gabriela Korbuta
"Literatura polska" Gabriela Korbuta
"Literatura polska" Gabriela Korbuta
Maria Krysińska poetka francuskiego symbolizmu
Maria Krysińska poetka francuskiego symbolizmu
Średniowieczna arabska literatura podróżnicza
Czasopisma Wileńskie Adama Honorego Kirkora
Czasopisma Wileńskie Adama Honorego Kirkora
Bajka w literaturze polskiego Oświecenia
Bajka w literaturze polskiego Oświecenia
Bajka w literaturze polskiego Oświecenia
The medievalism of G. K. Chesterton
The medievalism of G. K. Chesterton
Au carrefour d'inspiration
Au carrefour d'inspiration
Od ethosu do ethopoii
Od ethosu do ethopoii
Some problems of short fiction
Some problems of short fiction
Dydaktyka dydaktyki literatury i języka polskiego
Dydaktyka dydaktyki literatury i języka polskiego
Polskie kino lat 1918-1939
Polskie kino lat 1918-1939
Studia nad pojęciem "kalos kagathos"
Dydaktyka literatury polskiej i języka polskiego
Dydaktyka literatury polskiej i języka polskiego
Studia z literatury słowackiej
Studia z literatury słowackiej
Problemy genologii antycznej
Problemy genologii antycznej
Problem antycznej ironii
Problem antycznej ironii
Problem antycznej ironii
Jan III Sobieski w literaturze polskiej i zachodnioeuropejskiej XVII i XVIII wieku
Jan III Sobieski w literaturze polskiej i zachodnioeuropejskiej XVII i XVIII wieku
O poezji rosyjskiej
O poezji rosyjskiej
Mit Odyseusza w literaturze niemieckojęzycznej XX wieku
Mit Odyseusza w literaturze niemieckojęzycznej XX wieku
Przemiany literatury polskiej w latach 1907-1918
Przemiany literatury polskiej w latach 1907-1918
Dydaktyka literatury polskiej i języka polskiego
Dydaktyka literatury polskiej i języka polskiego
Z dziejów teatru krakowskiego
Obraz człowieka i filozofia życia w literaturze rzymskiej epoki augustowskiej
Obraz człowieka i filozofia życia w literaturze rzymskiej epoki augustowskiej
O poezji rosyjskiej
O poezji rosyjskiej
Czesław Miłosz
Z dziejów polskiej nauki o literaturze
Z dziejów polskiej nauki o literaturze
Literatura czeska w latach II wojny światowej
Literatura czeska w latach II wojny światowej
Z dziejów polskiej nauki o literaturze
Z dziejów polskiej nauki o literaturze
Czesław Miłosz
Proceedings of the Third April Conference of University Teachers of English, Cracow 1984 (April, 11-15)
Proceedings of the Third April Conference of University Teachers of English, Cracow 1984 (April, 11-15)
Poetyka i polityka : (Dąbrowska-Partyka, Maria)
Poetyka i polityka : (Dąbrowska-Partyka, Maria)
Poetyka orientalna i jej recepcja w Europie
Poetyka orientalna i jej recepcja w Europie
"Aratus" Jana Kochanowskiego - warsztat filologiczny poety
"Aratus" Jana Kochanowskiego - warsztat filologiczny poety
Z dziejów polskiej nauki o literaturze
Z dziejów polskiej nauki o literaturze
Proceedings of the Fourth International Conference on English Studies, Cracow 1987 (April 8-11)
Z problemów metodologii i dydaktyki bibliotekoznawstwa i informacji naukowej
Z problemów metodologii i dydaktyki bibliotekoznawstwa i informacji naukowej
Kino gatunków
Kino gatunków
Proceedings of the Fourth International Conference on English Studies, Cracow 1987 (April 8-11)
Die griechische Satire der theoretischen Grundlagen und ihre Anwendung auf Homers Epik
Die griechische Satire der theoretischen Grundlagen und ihre Anwendung auf Homers Epik
Preromantyzm w Rosji
Preromantyzm w Rosji
Problemy teoretyczne związków literatur i sztuk Orientu i Zachodu
Problemy teoretyczne związków literatur i sztuk Orientu i Zachodu
Mity narodowe w literaturach słowiańskich
Mity narodowe w literaturach słowiańskich
Wątki polskie we współczesnej literaturze serbskiej i chorwackiej
Wątki polskie we współczesnej literaturze serbskiej i chorwackiej
The poetics of W.B. Yeats and K. Wierzyński
The poetics of W.B. Yeats and K. Wierzyński
Les jeux de l'ironie littéraire
Studia z literatur słowiańskich